Every Bird Descriptor - Statistics

General Stats
  • This quiz has been taken 14 times
  • The average score is 234 of 4019
Answer Stats
Descriptor Frequency % Correct
Blue 25
100%
Brown 55
100%
Common 57
100%
Green 42
100%
Orange 7
100%
Red 22
100%
Snow 5
100%
White 10
100%
Yellow 17
100%
African 44
80%
American 16
80%
Andean 26
80%
Arctic 3
80%
Asian 9
80%
Austral 7
80%
Australian 20
80%
Azure 5
80%
Black 88
80%
Brazilian 6
80%
Chinese 17
80%
Desert 6
80%
Eastern 25
80%
Emerald 2
80%
Eurasian 36
80%
European 13
80%
Grass 1
80%
Gray 59
80%
Great 40
80%
Greater 31
80%
Indian 23
80%
Lesser 45
80%
Little 49
80%
Madagascar 35
80%
Northern 48
80%
Purple 14
80%
Siberian 11
80%
Southern 36
80%
Spotted 50
80%
Sun 2
80%
Western 45
80%
Wood 7
80%
Amazon 1
60%
Amazonian 15
60%
Antarctic 4
60%
Arabian 13
60%
Australasian 8
60%
Bald 2
60%
Black-backed 18
60%
Blue-eyed 1
60%
California 7
60%
Canada 3
60%
Caspian 5
60%
Chilean 9
60%
Congo 4
60%
Crow 1
60%
Crowned 7
60%
Dark 5
60%
Emperor 4
60%
Forest 17
60%
Golden 21
60%
Great Spotted 3
60%
Hooded 27
60%
Indigo 4
60%
Indonesian 1
60%
Jamaican 16
60%
Japanese 12
60%
Java 1
60%
Javan 29
60%
Jungle 6
60%
King 5
60%
Lapland 1
60%
Large 12
60%
Laughing 5
60%
Lesser Spotted 2
60%
Long-tailed 35
60%
Malaysian 6
60%
Meadow 2
60%
Mediterranean 1
60%
Medium 3
60%
Mexican 9
60%
Mongolian 5
60%
New Zealand 12
60%
Night 1
60%
Oak 1
60%
Oriental 16
60%
Pale 14
60%
Patagonian 5
60%
Red-bellied 7
60%
Red-billed 26
60%
Red-crowned 7
60%
Red-eyed 5
60%
Red-tailed 13
60%
Red-throated 17
60%
Rose 1
60%
Savanna 2
60%
Senegal 6
60%
Silver 4
60%
Small 7
60%
Snowy 6
60%
Somali 15
60%
Steppe 1
60%
Striped 14
60%
Sumatran 17
60%
Tree 3
60%
Violet 5
60%
Water 3
60%
White-tailed 30
60%
White-winged 39
60%
Yellow-billed 29
60%
Abdim's 1
40%
Abyssinian 14
40%
Adelie 1
40%
Alpine 5
40%
Angola 9
40%
Atlantic 3
40%
Bali 1
40%
Barbados 1
40%
Barn 1
40%
Beautiful 9
40%
Bell 1
40%
Bengal 2
40%
Black-billed 24
40%
Blackcap 2
40%
Black-capped 32
40%
Black-tailed 15
40%
Black-throated 38
40%
Blue-bellied 2
40%
Blue-breasted 4
40%
Blue-tailed 4
40%
Blue-winged 11
40%
Bohemian 1
40%
Boreal 2
40%
Bornean 18
40%
Brown-headed 11
40%
Brown-winged 4
40%
Burrowing 2
40%
Bush 4
40%
Canary 1
40%
Canary Islands 2
40%
Cape 24
40%
Carib 1
40%
Caribbean 4
40%
Cattle 1
40%
Cauca 1
40%
Caucasian 2
40%
Central American 1
40%
Cloud 1
40%
Colombian 3
40%
Crested 40
40%
Cuban 20
40%
Dalmatian 1
40%
Diamond 2
40%
Eastern Crested 2
40%
Egyptian 4
40%
Elegant 13
40%
Ethiopian 7
40%
Fasciated 3
40%
Fiji 7
40%
Fish 1
40%
Flightless 2
40%
Florida 1
40%
Friendly 1
40%
Ghana 1
40%
Giant 21
40%
Golden-headed 3
40%
Gorgeous 1
40%
Grassland 2
40%
Gray-crowned 12
40%
Gray-headed 40
40%
Gray-tailed 2
40%
Great Crested 3
40%
Greater Spotted 1
40%
Greater White-fronted 1
40%
Great Gray 2
40%
Great Horned 1
40%
Ground 4
40%
Guinea 1
40%
Hawaii 6
40%
Hawaiian 7
40%
Himalayan 17
40%
Horned 9
40%
House 5
40%
Iberian 2
40%
Iceland 1
40%
Italian 1
40%
Ivory 1
40%
Kalahari 1
40%
Least 13
40%
Lesser White-fronted 1
40%
Little Spotted 1
40%
Long-billed 25
40%
Long-eared 1
40%
Long-legged 3
40%
Long-toed 2
40%
Louisiana 1
40%
Malagasy 12
40%
Manx 1
40%
Marsh 12
40%
Middle Spotted 1
40%
Mountain 45
40%
Mourning 4
40%
Orange-billed 4
40%
Pacific 21
40%
Peruvian 20
40%
Philippine 32
40%
Pied 29
40%
Pine 5
40%
Plain 18
40%
Prairie 2
40%
Puna 11
40%
Purple-throated 9
40%
Pygmy 18
40%
Rain 1
40%
Red-breasted 14
40%
Red-headed 17
40%
Red-necked 13
40%
Red Sea 1
40%
Red-vented 3
40%
Red-winged 11
40%
Reed 3
40%
River 5
40%
Rock 16
40%
Roseate 2
40%
Rough-legged 2
40%
Ruddy 13
40%
Samoan 9
40%
Sand 2
40%
Scarlet 7
40%
Shiny 2
40%
Short-billed 11
40%
Short-eared 1
40%
Short-legged 1
40%
Short-tailed 21
40%
Short-toed 4
40%
Singing 6
40%
Song 3
40%
Sooty 24
40%
Spanish 2
40%
Sri Lanka 16
40%
Stone 1
40%
Sula 10
40%
Sulawesi 23
40%
Swamp 6
40%
Syrian 2
40%
Taiga 2
40%
Taiwan 17
40%
Tasman 1
40%
Tasmanian 4
40%
Tawny 10
40%
Tiny 5
40%
Tongan 2
40%
Trinidad 3
40%
Tundra 2
40%
Turkey 1
40%
Ultramarine 4
40%
Ural 1
40%
Velvet 3
40%
Venezuelan 7
40%
Victoria 1
40%
Wandering 2
40%
Whiskered 9
40%
White-breasted 15
40%
White-fronted 19
40%
White's 1
40%
Whooper 1
40%
Whooping 2
40%
Willow 4
40%
Wilson's 7
40%
Yellow-bellied 25
40%
Yellow-eyed 7
40%
Yellow-throated 30
40%
Zitting 1
40%
Abbott's 3
20%
Abd al Kuri 1
20%
Aberdare 1
20%
Abert's 1
20%
Acadian 1
20%
Aceh 1
20%
Acorn 1
20%
Acre 2
20%
African Emerald 1
20%
African Pygmy 1
20%
Alagoas 4
20%
Alaotra 1
20%
Aleutian 1
20%
Alexandrine 1
20%
Amboyna 1
20%
Ameline 1
20%
American Barn 1
20%
American Black 1
20%
American Herring 1
20%
American Tree 1
20%
American White 1
20%
Ampay 1
20%
Amsterdam 2
20%
Antillean 3
20%
Antillean Crested 1
20%
Aquatic 1
20%
Archer's 1
20%
Armenian 1
20%
Arrow-marked 1
20%
Ash-winged 1
20%
Ashy 17
20%
Atitlan 1
20%
Atiu 1
20%
Aztec 2
20%
Azure-winged 1
20%
Bahama 7
20%
Baikal 1
20%
Balearic 2
20%
Banasura 1
20%
Banded 20
20%
Bank 3
20%
Barnacle 1
20%
Barred 21
20%
Barrow's 1
20%
Bat 2
20%
Bay 4
20%
Bee 1
20%
Bell's 2
20%
Black-and-white 13
20%
Black-bellied 21
20%
Black-breasted 14
20%
Black-crowned 13
20%
Black-footed 1
20%
Black-fronted 13
20%
Black-headed 39
20%
Black-hooded 7
20%
Black-legged 3
20%
Black-necklaced 1
20%
Black-sided 2
20%
Blacksmith 2
20%
Black-spotted 2
20%
Black-striped 2
20%
Black-winged 16
20%
Blue-backed 4
20%
Blue-billed 5
20%
Blue-fronted 7
20%
Blue-headed 13
20%
Blue-throated 11
20%
Blue-vented 1
20%
Blyth's 9
20%
Bolivian 9
20%
Brimstone 1
20%
Broad-winged 1
20%
Bronze 3
20%
Bronze-tailed 5
20%
Brown-backed 11
20%
Brown-capped 9
20%
Brown-necked 2
20%
Brown-tailed 1
20%
Brown-throated 5
20%
Brush 1
20%
Buff-crested 1
20%
Burchell's 4
20%
Burmese 7
20%
Butterfly 1
20%
Cactus 3
20%
Capped 4
20%
Carolina 3
20%
Carrion 1
20%
Cassin's 9
20%
Cave 2
20%
Cedar 1
20%
Celestial 1
20%
Chat 1
20%
Chatham 1
20%
Chatham Islands 10
20%
Chattering 4
20%
Chestnut 15
20%
Chestnut-necklaced 1
20%
Chinstrap 1
20%
Choco 13
20%
Cinnamon 14
20%
Cirl 1
20%
Citrine 3
20%
Clark's 2
20%
Cliff 2
20%
Coal 1
20%
Coastal 3
20%
Collared 33
20%
Comb 1
20%
Comoro 7
20%
Copper 3
20%
Corn 2
20%
Corsican 2
20%
Costa Rican 4
20%
Cozumel 4
20%
Creamy-rumped 1
20%
Crimson 8
20%
Croaking 1
20%
Cryptic 6
20%
Curve-billed 4
20%
Cyprus 3
20%
Dark-eyed 2
20%
Downy 1
20%
Dusky 39
20%
Dwarf 10
20%
Eared 6
20%
Eastern Subalpine 1
20%
Eaton's 1
20%
Ecuadorian 10
20%
Elf 1
20%
Erect-crested 1
20%
Evening 1
20%
Fairy 6
20%
Falcated 2
20%
Fearful 1
20%
Ferruginous 7
20%
Field 1
20%
Fiery 2
20%
Fiordland 1
20%
Flesh-footed 1
20%
Flying 1
20%
Forster's 1
20%
Freckled 2
20%
Galapagos 9
20%
Garden 3
20%
Gentoo 1
20%
Gila 1
20%
Glaucous 3
20%
Glaucous-winged 1
20%
Golden-cheeked 2
20%
Golden-tailed 3
20%
Golden-throated 1
20%
Graceful 3
20%
Grand 1
20%
Grasshopper 2
20%
Gray-breasted 14
20%
Graylag 1
20%
Gray-necked 2
20%
Gray's 1
20%
Gray-sided 4
20%
Gray-throated 10
20%
Gray-winged 6
20%
Great Black 1
20%
Great Black-backed 1
20%
Great Blue 2
20%
Greater Black 1
20%
Greater Yellow-headed 1
20%
Great Green 1
20%
Great White 1
20%
Green-backed 19
20%
Green-bellied 1
20%
Green-capped 2
20%
Green-headed 4
20%
Green-winged 3
20%
Groove-billed 2
20%
Guadalcanal 8
20%
Guam 3
20%
Guatemalan 2
20%
Guianan 10
20%
Hairy 1
20%
Happy 1
20%
Harpy 1
20%
Highland 4
20%
Hill 4
20%
Honduran 1
20%
Hyacinth 2
20%
Icterine 2
20%
Imperial 5
20%
Inca 4
20%
Indochinese 7
20%
Iranian 1
20%
Iris 1
20%
Island 5
20%
James's 1
20%
Junin 4
20%
Keel-billed 2
20%
Kentish 1
20%
Knobbed 1
20%
Knob-billed 2
20%
Kori 1
20%
Labrador 1
20%
Lake 1
20%
Large-billed 7
20%
Laurel 1
20%
Lavender 1
20%
Leaf 1
20%
Lemon 1
20%
Lesser Black 1
20%
Lesser Black-backed 1
20%
Lesser Yellow-headed 1
20%
Letter-winged 1
20%
Lidth's 1
20%
Little Brown 1
20%
Little Pied 2
20%
Long-wattled 1
20%
Loten's 1
20%
Lovely 3
20%
Macaroni 1
20%
Madeira 2
20%
Magellanic 8
20%
Magenta 1
20%
Maghreb 2
20%
Magnificent 4
20%
Magnolia 1
20%
Malachite 2
20%
Malayan 6
20%
Mariana 4
20%
Marico 2
20%
Maroon 3
20%
Martinique 3
20%
Masked 24
20%
Mauritius 11
20%
Mayan 1
20%
Mayotte 4
20%
Mistle 1
20%
Mocking 1
20%
Naumann's 1
20%
Necklaced 3
20%
Nepal 2
20%
New Guinea 5
20%
Nilgiri 7
20%
Noble 1
20%
Northern Red 1
20%
North Island 6
20%
Oasis 1
20%
Okarito Brown 1
20%
Okinawa 3
20%
Olive 18
20%
Orange-bellied 7
20%
Orange-crowned 5
20%
Orange-throated 3
20%
Orange-winged 2
20%
Orchard 1
20%
Ortolan 1
20%
Palani 1
20%
Palau 8
20%
Palawan 13
20%
Pale-bellied 5
20%
Pale-billed 8
20%
Pale-breasted 3
20%
Pale-browed 2
20%
Pale-capped 1
20%
Pale-legged 2
20%
Pale-tailed 1
20%
Pale-throated 3
20%
Pale-vented 3
20%
Pale-winged 2
20%
Pallas's 6
20%
Panama 1
20%
Papuan 24
20%
Para 1
20%
Paradise 5
20%
Peacock 1
20%
Peregrine 1
20%
Persian 2
20%
Pheasant 3
20%
Pigeon 1
20%
Pink 3
20%
Pink-footed 3
20%
Pin-tailed 6
20%
Piping 6
20%
Plains 1
20%
Plain-winged 3
20%
Polynesian 4
20%
Powerful 2
20%
Prothonotary 1
20%
Puff-backed 2
20%
Purple-backed 3
20%
Purple-breasted 2
20%
Purple-crowned 4
20%
Purple-headed 1
20%
Purple-tailed 1
20%
Rainbow 4
20%
Red-backed 6
20%
Red-capped 10
20%
Red-cheeked 3
20%
Red-chested 7
20%
Red-crested 7
20%
Red-faced 14
20%
Red-fronted 10
20%
Red-legged 9
20%
Red-lored 2
20%
Red-ruffed 1
20%
Red-shouldered 7
20%
Roraiman 5
20%
Ross's 3
20%
Rosy 5
20%
Ruby-crowned 2
20%
Rufous 37
20%
Rufous-banded 3
20%
Rufous-bellied 16
20%
Rufous-breasted 13
20%
Rufous-capped 10
20%
Rufous-cheeked 3
20%
Rufous-collared 3
20%
Rufous Crab 1
20%
Rufous-crowned 11
20%
Rufous-faced 4
20%
Rufous-headed 8
20%
Rufous-legged 1
20%
Rufous-lored 2
20%
Rufous-margined 1
20%
Rufous-naped 5
20%
Rufous-necked 7
20%
Rufous-rumped 4
20%
Rufous-shafted 1
20%
Rufous-sided 5
20%
Rufous-tailed 23
20%
Rufous-throated 11
20%
Rufous-vented 9
20%
Rufous-webbed 2
20%
Rufous-winged 12
20%
Russet 4
20%
Russet-crowned 4
20%
Rusty 10
20%
Sabah 1
20%
Sacred 1
20%
Sad 1
20%
Saffron 3
20%
Sage 1
20%
Sahel 1
20%
Sahul 2
20%
Sandwich 1
20%
Santa Marta 13
20%
Sao Tome 14
20%
Sapphire 2
20%
Satyr 1
20%
Savannah 1
20%
Scaled 13
20%
Scaly 7
20%
Scaly-breasted 10
20%
Scarce 1
20%
Schlegel's 2
20%
Scissor-tailed 4
20%
Scottish 1
20%
Screaming 2
20%
Scrub 7
20%
Seaside 2
20%
Sentinel 2
20%
Seychelles 13
20%
Shade 1
20%
Sharp-tailed 6
20%
Shining 5
20%
Shore 1
20%
Shy 1
20%
Siamese 1
20%
Slender 2
20%
Slender-billed 20
20%
Small-billed 2
20%
Snail 1
20%
Social 1
20%
South African 2
20%
South American 3
20%
Southern Crested 1
20%
Southern Red 1
20%
South Island 8
20%
Spangled 5
20%
Sparkling 1
20%
Speckled 14
20%
Splendid 5
20%
Spotless 2
20%
St. Helena 5
20%
St. Kitts 1
20%
St. Lucia 5
20%
Stork-billed 1
20%
Striated 18
20%
Striolated 3
20%
St. Vincent 2
20%
Subalpine 1
20%
Summer 1
20%
Sunda 16
20%
Superb 7
20%
Supertramp 1
20%
Swee 1
20%
Tacazze 1
20%
Tanzanian 1
20%
Temminck's 7
20%
Tennessee 1
20%
Thick-billed 21
20%
Tibetan 12
20%
Toco 1
20%
Togo 1
20%
Trocaz 1
20%
Tropical 8
20%
Turquoise 6
20%
Uganda 1
20%
Vanuatu 5
20%
Vega 1
20%
Vietnamese 2
20%
Violet-breasted 1
20%
Violet-tailed 2
20%
Violet-throated 2
20%
Volcano 3
20%
Vulturine 2
20%
Wattled 10
20%
West African 3
20%
Western Crested 2
20%
Whistling 7
20%
White-backed 7
20%
White-bellied 44
20%
White-billed 2
20%
White-browed 47
20%
White-capped 8
20%
White-cheeked 14
20%
White-crowned 15
20%
White-eyed 11
20%
White-faced 12
20%
White-headed 20
20%
White-naped 14
20%
White-necked 12
20%
White-rumped 21
20%
White-sided 2
20%
White-spotted 4
20%
White-throated 64
20%
White-tufted 3
20%
White-vented 5
20%
Wild 1
20%
Winter 1
20%
Woodland 2
20%
Worm-eating 1
20%
Yelkouan 1
20%
Yellow-browed 13
20%
Yellow-crowned 13
20%
Yellow-legged 8
20%
Yellow-spotted 2
20%
Yellow-tailed 2
20%
Yellow-tinted 1
20%
Yellow-vented 7
20%
Yucatan 8
20%
Yungas 7
20%
Yunnan 2
20%
Zamboanga 1
20%
Zanzibar 1
20%
Zapata 3
20%
Zappey's 1
20%
Zebra 4
20%
Zeledon's 1
20%
Zenaida 1
20%
Zenker's 1
20%
Zigzag 1
20%
Zimmer's 4
20%
Zino's 1
20%
Zoe's 1
20%
Zone-tailed 1
20%
Aberrant Bush 1
0%
Adamawa 1
0%
Adelaide's 1
0%
Afep 1
0%
Afghan 2
0%
African Bare-eyed 1
0%
African Barred 1
0%
African Black 1
0%
African Black-headed 1
0%
African Blue 2
0%
African Crested 1
0%
African Desert 1
0%
African Dusky 1
0%
African Dwarf 1
0%
African Golden 1
0%
African Gray 3
0%
African Green 1
0%
African Hill 1
0%
African Marsh 1
0%
African Palm 1
0%
African Pied 2
0%
African Red-rumped 1
0%
African River 1
0%
African Sacred 1
0%
African Spotted 1
0%
African Woolly-necked 1
0%
Agami 1
0%
Agile 1
0%
Aguiguan Reed 1
0%
Ahanta 1
0%
Ainley's 1
0%
Akun 1
0%
Ala Shan 1
0%
Albertine 2
0%
Albert's 1
0%
Aldabra 4
0%
Alder 1
0%
Algerian 1
0%
Allen's 2
0%
Allpahuayo 1
0%
Alor 2
0%
Alström's 1
0%
Alta Floresta 1
0%
Altai 2
0%
Altamira 2
0%
Amami 2
0%
Amani 1
0%
Amazilia 1
0%
Amazonian Black-throated 1
0%
Amber Mountain 1
0%
Ambon 1
0%
American Pygmy 1
0%
American Three-toed 1
0%
Amethyst 3
0%
Amethyst-throated 2
0%
Amur 3
0%
Anambra 1
0%
Ancash 1
0%
Anchieta's 2
0%
Ancient 2
0%
Andaman 18
0%
Andean Slaty 1
0%
Anjouan 3
0%
Ankober 1
0%
Annam 1
0%
Annam Limestone 1
0%
Anna's 1
0%
Annobon 1
0%
Ansorge's 1
0%
Antillean Palm 1
0%
Antioquia 3
0%
Antipodean 1
0%
Antipodes 1
0%
Apical 1
0%
Aplomado 1
0%
Apo 2
0%
Apolinar's 1
0%
Appert's 1
0%
Apricot-breasted 1
0%
Apurimac 2
0%
Arabian Golden 1
0%
Arabian Green 1
0%
Arafura 2
0%
Araguaia 1
0%
Araripe 1
0%
Araucaria 1
0%
Archbold's 3
0%
Arfak 4
0%
Aripuana 1
0%
Arizona 1
0%
Arnot's 1
0%
Arrowhead 2
0%
Ascension 2
0%
Ascension Night 1
0%
Ashambu 1
0%
Ash-breasted 2
0%
Ash-breasted Sierra 1
0%
Ash-browed 1
0%
Ash-colored 2
0%
Ash-throated 5
0%
Ashy-bellied 1
0%
Ashy-breasted 1
0%
Ashy-crowned 1
0%
Ashy-faced 1
0%
Ashy-fronted 1
0%
Ashy-headed 6
0%
Ashy-tailed 1
0%
Ashy-throated 3
0%
Asian Barred 1
0%
Asian Brown 1
0%
Asian Desert 1
0%
Asian Emerald 2
0%
Asian Glossy 1
0%
Asian Golden 1
0%
Asian Green 1
0%
Asian Palm 1
0%
Asian Short-toed 1
0%
Asian Woolly-necked 1
0%
Asir 1
0%
Assam 1
0%
Atherton 1
0%
Atlantic Black-throated 1
0%
Atlantic Royal 1
0%
Atlantic Yellow-nosed 1
0%
Atlas 2
0%
Atoll 2
0%
Atuen 1
0%
Auckland Islands 4
0%
Audouin's 1
0%
Audubon's 1
0%
Augur 1
0%
Australian Fairy 1
0%
Australian Reed 1
0%
Australian Rufous 1
0%
Australian Spectacled 1
0%
Australian Yellow 1
0%
Ayacucho 2
0%
Ayeyarwady 1
0%
Ayres's 1
0%
Azara's 1
0%
Azores 2
0%
Azure-breasted 1
0%
Azure-crested 1
0%
Azure-crowned 1
0%
Azure-hooded 1
0%
Azure-naped 1
0%
Azure-rumped 2
0%
Azure-shouldered 1
0%
Babar 1
0%
Babbling 1
0%
Bacan 1
0%
Bachman's 2
0%
Baer's 1
0%
Baglafecht 1
0%
Bagobo 1
0%
Bahia 5
0%
Bahian 1
0%
Baikal Bush 1
0%
Baillon's 1
0%
Baird's 5
0%
Baker's 1
0%
Baliem 1
0%
Balsas 1
0%
Baltimore 1
0%
Bamboo 3
0%
Bamenda 1
0%
Bananal 1
0%
Banda 1
0%
Banda Sea 2
0%
Band-backed 1
0%
Band-bellied 2
0%
Banded Bay 1
0%
Banded Yellow 1
0%
Band-rumped 2
0%
Band-tailed 12
0%
Band-tailed Sierra 1
0%
Band-winged 1
0%
Banggai 5
0%
Banggai Jungle 1
0%
Bangwa 1
0%
Bannerman's 4
0%
Barau's 1
0%
Bar-backed 1
0%
Barbary 1
0%
Bar-bellied 4
0%
Bar-breasted 3
0%
Barbuda 1
0%
Bar-crested 1
0%
Bare-cheeked 2
0%
Bare-crowned 1
0%
Bare-eyed 5
0%
Bare-eyed Ground 1
0%
Bare-faced 4
0%
Bare-faced Ground 1
0%
Bare-headed 1
0%
Bare-legged 2
0%
Bare-necked 2
0%
Bare-shanked 1
0%
Bare-throated 3
0%
Bar-headed 1
0%
Barka 1
0%
Barking 2
0%
Barolo 1
0%
Barratt's 1
0%
Barred Long-tailed 1
0%
Bar-shouldered 1
0%
Bar-tailed 4
0%
Bar-throated 1
0%
Bartlett's 1
0%
Barusan 1
0%
Bar-winged 7
0%
Basra Reed 1
0%
Bassian 1
0%
Bates's 5
0%
Bat-like 1
0%
Baudin's 1
0%
Baudo 2
0%
Baumann's 1
0%
Baya 1
0%
Bay-backed 1
0%
Bay-breasted 2
0%
Bay-capped 1
0%
Bay-chested Warbling 1
0%
Bay-crowned 1
0%
Bay-headed 1
0%
Bay-ringed 1
0%
Bay-vented 1
0%
Beach 2
0%
Bearded 11
0%
Beaudouin's 1
0%
Beck's 1
0%
Bedford's 1
0%
Beesley's 1
0%
Beijing 1
0%
Belcher's 1
0%
Belding's 1
0%
Belford's 1
0%
Belted 2
0%
Bendire's 1
0%
Benguet Bush 1
0%
Bennett's 1
0%
Berlepsch's 2
0%
Bermuda 4
0%
Bermuda Night 1
0%
Bermuda Saw-whet 1
0%
Bernier's 2
0%
Berthelot's 1
0%
Bertoni's 1
0%
Bertram's 1
0%
Berylline 1
0%
Beryl-spangled 1
0%
Bewick's 1
0%
Bhutan 1
0%
Biak 12
0%
Biak Hooded 1
0%
Biak Leaf 1
0%
Bianchi's 1
0%
Bicknell's 1
0%
Bicol 1
0%
Bicolored 8
0%
Biet's 1
0%
Bimaculated 1
0%
Bioko 2
0%
Biscutate 1
0%
Bishop's 1
0%
Bismarck 14
0%
Bismarck Black 1
0%
Black-and-buff 1
0%
Black-and-chestnut 1
0%
Black-and-chestnut Warbling 1
0%
Black-and-cinnamon 1
0%
Black-and-crimson 1
0%
Black-and-gold 2
0%
Black-and-orange 1
0%
Black-and-red 1
0%
Black-and-rufous 1
0%
Black-and-rufous Warbling 1
0%
Black-and-tawny 1
0%
Black-and-white-casqued 1
0%
Black-and-yellow 4
0%
Black-backed Bush 1
0%
Black-banded 6
0%
Black-belted 1
0%
Black-bibbed 2
0%
Black-bodied 1
0%
Black-browed 6
0%
Black-browed Mountain 1
0%
Black-browed Reed 1
0%
Blackburnian 1
0%
Black-capped Warbling 1
0%
Black-casqued 1
0%
Black-cheeked 6
0%
Black-cheeked Mountain 1
0%
Black-chested 8
0%
Black-chested Mountain 1
0%
Black-chinned 11
0%
Black-chinned Mountain 1
0%
Black-collared 8
0%
Black-cowled 2
0%
Black-crested 7
0%
Black-crowned Night 1
0%
Black-eared 11
0%
Black-faced 30
0%
Black-girdled 1
0%
Black-goggled 1
0%
Black-headed Mountain 2
0%
Black-hooded Sierra 1
0%
Blackish 9
0%
Blackish-blue 1
0%
Blackish-gray 1
0%
Blackish-headed 1
0%
Black-lored 5
0%
Black-mantled 1
0%
Black-masked 1
0%
Black-naped 4
0%
Black-necked 10
0%
Black-nest 1
0%
Blackpoll 1
0%
Black-polled 1
0%
Black-ringed 1
0%
Black-rumped 4
0%
Black-shouldered 1
0%
Black-spectacled 1
0%
Black-streaked 2
0%
Black-thighed 3
0%
Black-throated Blue 1
0%
Black-throated Gray 1
0%
Black-throated Green 1
0%
Black-tipped 1
0%
Black-vented 2
0%
Black-whiskered 1
0%
Black-winged Ground 1
0%
Blakiston's 1
0%
Blanford's 3
0%
Blaze-winged 1
0%
Blond-crested 1
0%
Blood 1
0%
Blood-colored 1
0%
Blossom-headed 1
0%
Blue-and-black 1
0%
Blue-and-gold 1
0%
Blue-and-white 4
0%
Blue-and-yellow 2
0%
Blue-banded 2
0%
Blue-bearded 2
0%
Blue-black 3
0%
Blue-breasted Blue 1
0%
Blue-browed 1
0%
Blue-capped 11
0%
Blue-cheeked 3
0%
Blue-chested 1
0%
Blue-chinned 1
0%
Blue-collared 1
0%
Blue-crowned 7
0%
Blue-eared 3
0%
Blue-eyed Ground 1
0%
Blue-faced 4
0%
Blue-footed 1
0%
Blue-gray 4
0%
Blue Ground 1
0%
Blue-headed Crested 1
0%
Blue-lored 1
0%
Blue-mantled 1
0%
Blue-masked 1
0%
Blue Mountain 1
0%
Blue-moustached 1
0%
Blue-naped 4
0%
Blue-necked 1
0%
Blue-rumped 3
0%
Blue-shouldered 1
0%
Blue-spotted 1
0%
Blue-streaked 1
0%
Blue-throated Brown 1
0%
Blue-tufted 1
0%
Blue-wattled 1
0%
Blue-whiskered 1
0%
Blue-winged Mountain 1
0%
Bluish 1
0%
Bluish-fronted 1
0%
Bluish-gray 1
0%
Bluish-slate 1
0%
Blunt-winged 1
0%
Blyth's Leaf 1
0%
Blyth's Reed 1
0%
Boano 1
0%
Boa Nova 1
0%
Boat-billed 3
0%
Boat-tailed 1
0%
Bob-tailed 1
0%
Bocage's 3
0%
Bogota 1
0%
Böhm's 2
0%
Bold-striped 1
0%
Bolivian Warbling 1
0%
Bolle's 1
0%
Bonaparte's 3
0%
Bonelli's 1
0%
Bonin 5
0%
Booted 2
0%
Boran 1
0%
Bornean Black 1
0%
Bornean Black-capped 1
0%
Bornean Blue 1
0%
Bornean Crested 1
0%
Bornean Crestless 1
0%
Botha's 1
0%
Botteri's 1
0%
Boucard's 1
0%
Bougainville 7
0%
Bougainville Hooded 1
0%
Boulder 2
0%
Boulton's 1
0%
Bounty Islands 1
0%
Bourke's 1
0%
Bower's 1
0%
Boyaca 1
0%
Boyd's 1
0%
Boyer's 1
0%
Brace's 1
0%
Bradfield's 2
0%
Brahminy 2
0%
Bran-colored 1
0%
Brandt's 1
0%
Brasilia 1
0%
Brass's 1
0%
Brassy-breasted 1
0%
Braun's 1
0%
Brazza's 1
0%
Brehm's 1
0%
Brewer's 2
0%
Bridled 6
0%
Bright-rumped 2
0%
Bristle-crowned 1
0%
Bristled 1
0%
Bristle-nosed 1
0%
Bristle-thighed 1
0%
Broad-billed 10
0%
Broad-tailed 3
0%
Broad-tipped 1
0%
Bronzed 2
0%
Bronze-green 1
0%
Bronze Ground 1
0%
Bronze-olive 1
0%
Bronze-winged 3
0%
Bronzy 3
0%
Brooks's Leaf 1
0%
Brown-and-yellow 1
0%
Brown-banded 2
0%
Brown-bellied 2
0%
Brown-billed 1
0%
Brown-breasted 7
0%
Brown Bush 1
0%
Brown-capped Pygmy 1
0%
Brown-cheeked 4
0%
Brown-chested 4
0%
Brown-chested Jungle 1
0%
Brown-crested 1
0%
Brown-crowned 2
0%
Brown-eared 2
0%
Brown-flanked 1
0%
Brown-fronted 1
0%
Brown-hooded 3
0%
Brownish 2
0%
Brownish-flanked Bush 1
0%
Brownish-headed 1
0%
Brown Rock 1
0%
Brown-rumped 5
0%
Brown-streaked 1
0%
Bruce's 1
0%
Brujo 1
0%
Brushland 1
0%
Bryan's 1
0%
Bubbling 1
0%
Buckley's 1
0%
Buff-banded 3
0%
Buff-barred 1
0%
Buff-bellied 6
0%
Buff-breasted 10
0%
Buff-breasted Mountain 1
0%
Buff-bridled 1
0%
Buff-browed 2
0%
Buff-cheeked 2
0%
Buff-collared 1
0%
Buff-faced 2
0%
Buff-fronted 3
0%
Buff-headed 1
0%
Buff-necked 2
0%
Buff-rumped 3
0%
Buff-shouldered 1
0%
Buff-sided 1
0%
Buff-spotted 3
0%
Buff-streaked 1
0%
Buff-tailed 2
0%
Buff-thighed 1
0%
Buff-throated 8
0%
Buff-throated Warbling 1
0%
Buff-vented 1
0%
Buff-winged 2
0%
Buffy 6
0%
Buffy-crowned 1
0%
Buffy-fronted 1
0%
Bugun 1
0%
Bukidnon 1
0%
Buller's 2
0%
Bull-headed 1
0%
Bullock's 1
0%
Bulwer's 2
0%
Bumblebee 1
0%
Bundok 1
0%
Burnished-buff 1
0%
Burnt-neck 1
0%
Buru 14
0%
Buru Bush 1
0%
Buru Jungle 1
0%
Bushy-crested 2
0%
Buzzing 1
0%
Caatinga 3
0%
Cabanis's 5
0%
Cabot's 1
0%
Cachar 1
0%
Cachar Wedge-billed 1
0%
Cackling 1
0%
Caica 1
0%
Cajamarca 1
0%
Calabarzon 1
0%
Calandra 1
0%
Calayan 1
0%
Calliope 1
0%
Cambodian 3
0%
Cameroon 5
0%
Cameroon Mountain 1
0%
Camiguin 3
0%
Campbell Islands 2
0%
Campbell's 1
0%
Campina 1
0%
Campo 3
0%
Canarian 1
0%
Canebrake 2
0%
Canivet's 1
0%
Canyon 3
0%
Cape Barren 1
0%
Cape Clapper 1
0%
Cape Long-billed 1
0%
Cape May 1
0%
Cape Verde 4
0%
Cape Verde Swamp 1
0%
Capuchin 1
0%
Caracas 2
0%
Carbonated Sierra 1
0%
Cardinal 4
0%
Carmelite 1
0%
Carmiol's 1
0%
Carnaby's 1
0%
Carola's 1
0%
Caroline Islands 2
0%
Caroline Islands Ground 1
0%
Caroline Reed 1
0%
Carpentarian 1
0%
Carp's 1
0%
Carrizal 1
0%
Carruthers's 1
0%
Carunculated 2
0%
Casqued 1
0%
Cassia 1
0%
Castelnau's 1
0%
Caura 1
0%
Cayenne 2
0%
Ceara 2
0%
Cebu 2
0%
Central Melanesian 1
0%
Cerulean 3
0%
Cerulean-capped 1
0%
Cetti's 1
0%
Chabert 1
0%
Chachapoyas 1
0%
Chaco 5
0%
Chad 1
0%
Chalk-browed 1
0%
Chami 1
0%
Changeable 1
0%
Channel-billed 2
0%
Chapada 1
0%
Chapin's 3
0%
Chaplin's 1
0%
Chapman's 3
0%
Charlotte's 1
0%
Charming 1
0%
Checkered 1
0%
Checker-throated 2
0%
Cheer 1
0%
Cherrie's 1
0%
Cherry-throated 1
0%
Chestnut-and-black 1
0%
Chestnut-backed 12
0%
Chestnut-banded 1
0%
Chestnut-bellied 20
0%
Chestnut-bellied Mountain 1
0%
Chestnut-belted 1
0%
Chestnut-breasted 9
0%
Chestnut-breasted Mountain 1
0%
Chestnut-capped 10
0%
Chestnut-cheeked 1
0%
Chestnut-collared 3
0%
Chestnut-colored 1
0%
Chestnut-crested 3
0%
Chestnut-crowned 8
0%
Chestnut-crowned Bush 1
0%
Chestnut-eared 3
0%
Chestnut-faced 1
0%
Chestnut-flanked 2
0%
Chestnut Forest 1
0%
Chestnut-fronted 2
0%
Chestnut-headed 10
0%
Chestnut-hooded 1
0%
Chestnut-naped 3
0%
Chestnut-quilled 1
0%
Chestnut-rumped 4
0%
Chestnut-shouldered 2
0%
Chestnut-sided 2
0%
Chestnut-tailed 3
0%
Chestnut-throated 6
0%
Chestnut-tipped 1
0%
Chestnut-vented 3
0%
Chestnut-winged 7
0%
Chico's 1
0%
Chiguanco 1
0%
Chihuahuan 2
0%
Chiloe 1
0%
Chimango 1
0%
Chiming 1
0%
Chimney 1
0%
Chinchipe 1
0%
Chinese Beautiful 1
0%
Chinese Blue 1
0%
Chinese Bush 1
0%
Chinese Crested 1
0%
Chinese Gray 1
0%
Chinese Leaf 1
0%
Chinese Vivid 1
0%
Chinese White-browed 1
0%
Chin Hills 1
0%
Chinspot 1
0%
Chipping 1
0%
Chiribiquete 1
0%
Chirinda 1
0%
Chiriqui 2
0%
Chirping 1
0%
Chirruping 2
0%
Chivi 1
0%
Choco Black-throated 1
0%
Chocolate 1
0%
Chocolate-backed 1
0%
Chocolate-vented 1
0%
Choiseul 1
0%
Chopi 1
0%
Chorister 1
0%
Chotoy 1
0%
Christmas 2
0%
Christmas Island 5
0%
Chubb's 1
0%
Chucao 1
0%
Churring 1
0%
Chusquea 1
0%
Chuuk 2
0%
Cinderella 1
0%
Cinereous 13
0%
Cinereous-breasted 1
0%
Cinereous Warbling 1
0%
Cinnabar 1
0%
Cinnamon-banded 1
0%
Cinnamon-bellied 4
0%
Cinnamon-breasted 3
0%
Cinnamon-browed 1
0%
Cinnamon-chested 2
0%
Cinnamon-crested 1
0%
Cinnamon-faced 1
0%
Cinnamon Ground 1
0%
Cinnamon-headed 1
0%
Cinnamon-rumped 3
0%
Cinnamon-tailed 2
0%
Cinnamon-throated 2
0%
Cinnamon-vented 1
0%
Cinnamon Warbling 1
0%
Cipo 1
0%
Citreoline 1
0%
Citril 1
0%
Citron-bellied 1
0%
Citron-crested 1
0%
Citron-headed 1
0%
Clamorous Reed 1
0%
Clapper 1
0%
Clapperton's 1
0%
Claret-breasted 1
0%
Clarion 1
0%
Claudia's Leaf 1
0%
Clay-colored 2
0%
Clicking 1
0%
Cloud-forest 2
0%
Cloven-feathered 1
0%
Club-winged 1
0%
Coal-crested 1
0%
Cobalt-rumped 1
0%
Cobalt-winged 1
0%
Cobb's 1
0%
Cocha 1
0%
Cochabamba Mountain 1
0%
Cock-tailed 1
0%
Cocoa 2
0%
Cocoi 1
0%
Coconut 1
0%
Cocos 4
0%
Coiba 1
0%
Colima 2
0%
Collared Warbling 1
0%
Colonist 1
0%
Colorful 1
0%
Comb-crested 1
0%
Common Black 1
0%
Common Grasshopper 1
0%
Common Ground 1
0%
Common Hill 1
0%
Common Reed 1
0%
Common Ringed 1
0%
Common Scale-backed 1
0%
Comoro Black 1
0%
Comoro Blue 1
0%
Compact 1
0%
Cone-billed 1
0%
Congo Moor 1
0%
Congo Pied 1
0%
Connecticut 1
0%
Cook Islands 1
0%
Cook Islands Reed 1
0%
Cook's 2
0%
Cooper's 1
0%
Coopmans's 1
0%
Copperback 1
0%
Copper-rumped 1
0%
Coppersmith 1
0%
Copper-tailed 2
0%
Copper-throated 1
0%
Coppery 3
0%
Coppery-bellied 1
0%
Coppery-chested 1
0%
Coppery-headed 1
0%
Coppery-tailed 1
0%
Coquerel's 1
0%
Coqui 1
0%
Coral-billed 1
0%
Coraya 1
0%
Cordillera 1
0%
Cordillera Azul 1
0%
Cordilleran 2
0%
Cordoba 1
0%
Coroneted 1
0%
Correndera 1
0%
Cory's 1
0%
Coscoroba 1
0%
Costa's 1
0%
Cotton 1
0%
Couch's 1
0%
Crag 1
0%
Crane 1
0%
Craveri's 1
0%
Cream-backed 1
0%
Cream-breasted 1
0%
Cream-colored 2
0%
Cream-eyed 1
0%
Cream-striped 1
0%
Cream-throated 1
0%
Cream-vented 1
0%
Cream-winged 1
0%
Creamy-bellied 3
0%
Creamy-breasted 1
0%
Creamy-crested 1
0%
Crescent 1
0%
Crescent-chested 3
0%
Crescent-faced 1
0%
Crestless 1
0%
Cretzschmar's 2
0%
Cricket 1
0%
Crimson-backed 3
0%
Crimson-bellied 2
0%
Crimson-breasted 3
0%
Crimson-browed 1
0%
Crimson-collared 2
0%
Crimson-crested 1
0%
Crimson-crowned 2
0%
Crimson-fronted 3
0%
Crimson-headed 1
0%
Crimson-hooded 2
0%
Crimson-mantled 1
0%
Crimson-naped 1
0%
Crimson-rumped 2
0%
Crimson-winged 2
0%
Crinkle-collared 1
0%
Crissal 1
0%
Croaking Ground 1
0%
Crocker Jungle 1
0%
Crossley's 2
0%
Crow-billed 1
0%
Crowned Slaty 1
0%
Crozet 1
0%
Cuban Black 1
0%
Cuban Green 1
0%
Cundinamarca 1
0%
Curl-crested 3
0%
Curlew 1
0%
Cuzco 2
0%
Dalat Bush 1
0%
Damar 1
0%
Damara 1
0%
Damara Red-billed 1
0%
Dambo 1
0%
Darjeeling 1
0%
Dark-backed 3
0%
Dark-bellied 1
0%
Dark-billed 1
0%
Dark-breasted 2
0%
Dark-brown 1
0%
Dark-crowned 1
0%
Dark-eared 1
0%
Dark-faced 1
0%
Dark-fronted 1
0%
Dark-necked 1
0%
Dark-rumped 2
0%
Dark-sided 2
0%
Dark-throated 2
0%
Dark-winged 2
0%
D'Arnaud's 1
0%
Dartford 1
0%
Darwin's 1
0%
Daurian 4
0%
David's 1
0%
Davison's Leaf 1
0%
Dayak Blue 1
0%
Dead Sea 1
0%
Deep-blue 1
0%
Delicate 1
0%
Delta Amacuro 1
0%
Demoiselle 1
0%
Denham's 1
0%
Derbyan 1
0%
Des Murs's 1
0%
Diabolical 1
0%
Diademed 3
0%
Diamantina 2
0%
Diard's 1
0%
Dickinson's 1
0%
Dideric 1
0%
Dieffenbach's 1
0%
Dimorphic 3
0%
Dinelli's 1
0%
Diuca 1
0%
Dja River Swamp 1
0%
Djibouti 1
0%
Doherty's 1
0%
Dohrn's 1
0%
Dolphin 1
0%
Donaldson Smith's 2
0%
d'Orbigny's 1
0%
Doria's 1
0%
Dorst's 1
0%
Dot-backed 1
0%
Dot-eared 1
0%
Dot-fronted 1
0%
Dotted 1
0%
Dot-winged 2
0%
Double-banded 5
0%
Double-barred 1
0%
Double-collared 1
0%
Double-crested 1
0%
Double-eyed 1
0%
Double-spurred 1
0%
Double-striped 1
0%
Double-toothed 2
0%
Drab 4
0%
Drab-breasted 1
0%
Drab Water 1
0%
Drakensberg 3
0%
Drongo 1
0%
Dubois's 1
0%
Duchess 1
0%
Duetting 1
0%
Dugand's 1
0%
Duida 2
0%
Dulit 2
0%
Dull-blue 1
0%
Dull-capped 1
0%
Dull-colored 1
0%
Dull-mantled 1
0%
Dune 1
0%
Dunn's 1
0%
Dupont's 1
0%
Dusky-backed 1
0%
Dusky-billed 1
0%
Dusky-blue 1
0%
Dusky-capped 3
0%
Dusky-cheeked 2
0%
Dusky-chested 1
0%
Dusky Crested 1
0%
Dusky-faced 1
0%
Dusky-green 1
0%
Dusky-headed 2
0%
Dusky-legged 1
0%
Dusky Long-tailed 1
0%
Dusky-tailed 3
0%
Dusky-throated 2
0%
Dybowski's 1
0%
East Amazonian 1
0%
East Andean 1
0%
East Brazilian 1
0%
East Coast 1
0%
Eastern Barn 1
0%
Eastern Black-eared 1
0%
Eastern Black-headed 1
0%
Eastern Bonelli's 1
0%
Eastern Bronze-naped 1
0%
Eastern Clapper 1
0%
Eastern Crowned 1
0%
Eastern Double-collared 1
0%
Eastern Dwarf 1
0%
Eastern Hooded 1
0%
Eastern Long-billed 1
0%
Eastern Long-tailed 1
0%
Eastern Marsh 1
0%
Eastern Miombo 1
0%
Eastern Olivaceous 2
0%
Eastern Orphean 1
0%
Eastern Red-rumped 1
0%
Eastern Rock 1
0%
Eastern Spot-billed 1
0%
Eastern Violet-backed 1
0%
Eastern Yellow 2
0%
Eastern Yellow-billed 2
0%
Echo 1
0%
Ecuadorian Ground 1
0%
Edwards's 2
0%
Eiao 1
0%
Eleonora's 1
0%
Elfin 1
0%
Elfin-woods 1
0%
Elgon 1
0%
Elliot's 4
0%
El Oro 1
0%
Elusive 1
0%
Emei Leaf 1
0%
Emei Shan 1
0%
Emerald-bellied 1
0%
Emerald-chinned 1
0%
Emerald-spotted 1
0%
Emin's 1
0%
Empress 1
0%
Enggano 4
0%
Epaulet 1
0%
Equatorial 3
0%
Erckel's 1
0%
Eskimo 1
0%
Esmeraldas 2
0%
Española 2
0%
Ethiopian Black-headed 1
0%
Euler's 1
0%
Eungella 1
0%
Eurasian Blue 1
0%
Eurasian Golden 1
0%
Eurasian Green 1
0%
Eurasian Three-toed 1
0%
Eurasian Tree 1
0%
European Herring 1
0%
European Pied 1
0%
European Red-rumped 1
0%
Everett's 3
0%
Evergreen-forest 1
0%
Exclamatory 1
0%
Eyebrowed 3
0%
Eyebrowed Jungle 1
0%
Eye-ringed 4
0%
Eyrean 1
0%
Falkland 1
0%
Familiar 1
0%
Fan-tailed 8
0%
Fanti 1
0%
Far Eastern 1
0%
Fatu Hiva 1
0%
Fawn-breasted 7
0%
Fawn-colored 1
0%
Fawn-throated 1
0%
Fea's 1
0%
Feline 1
0%
Fernandina's 1
0%
Ferruginous-backed 1
0%
Festive 2
0%
Fiery-billed 1
0%
Fiery-breasted 1
0%
Fiery-browed 1
0%
Fiery-capped 1
0%
Fiery-necked 1
0%
Fiery-shouldered 1
0%
Fiery-tailed 1
0%
Fiery-throated 2
0%
Fiji Bush 1
0%
Fiji Streaked 1
0%
Finch-billed 1
0%
Fine-banded 1
0%
Fine-barred 1
0%
Fine-spotted 1
0%
Finn's 1
0%
Finsch's 8
0%
Fire-bellied 1
0%
Fire-breasted 1
0%
Fire-capped 1
0%
Fire-crested 1
0%
Fire-eyed 1
0%
Fire-fronted 2
0%
Fire-maned 1
0%
Fire-tailed 2
0%
Fire-throated 2
0%
Fire-tufted 1
0%
Fiscal 1
0%
Fischer's 5
0%
Five-colored 2
0%
Five-striped 1
0%
Flame 2
0%
Flame-breasted 2
0%
Flame-colored 1
0%
Flame-crested 1
0%
Flame-crowned 2
0%
Flame-faced 1
0%
Flame-fronted 1
0%
Flame-rumped 1
0%
Flame-templed 1
0%
Flame-throated 2
0%
Flaming 1
0%
Flammulated 4
0%
Flappet 1
0%
Flat-billed 2
0%
Flavescent 3
0%
Flock 1
0%
Floreana 1
0%
Flores 9
0%
Flores Jungle 1
0%
Flores Sea 2
0%
Fluffy-backed 1
0%
Flutist 1
0%
Fluttering 1
0%
Fly River 1
0%
Foja 1
0%
Foothill 4
0%
Forbes's 2
0%
Forbes's Forest 1
0%
Forbes-Watson's 1
0%
Forest Double-collared 1
0%
Fork-tailed 7
0%
Fork-tailed Palm 1
0%
Forty-spotted 1
0%
Four-banded 1
0%
Four-colored 1
0%
Fox 2
0%
Fox's 1
0%
Foxy 1
0%
Frances's 1
0%
Franklin's 1
0%
Fraser's 2
0%
Freckle-breasted 2
0%
Friedmann's 1
0%
Friendly Bush 1
0%
Frilled 2
0%
Frill-necked 1
0%
Fringe-backed 1
0%
Fuegian 1
0%
Fuerteventura 1
0%
Fujian 1
0%
Fülleborn's 2
0%
Fulmar 1
0%
Fulvous 7
0%
Fulvous-breasted 2
0%
Fulvous-chested Jungle 1
0%
Fulvous-chinned 1
0%
Fulvous-crested 1
0%
Fulvous-crowned 1
0%
Fulvous-dotted 1
0%
Fulvous-faced 1
0%
Fulvous-headed 2
0%
Fulvous-vented 1
0%
Furtive 1
0%
Fuscous 2
0%
Fynbos 1
0%
Gabar 1
0%
Gabela 2
0%
Gabon 3
0%
Gambaga 1
0%
Gambel's 1
0%
Gang-gang 1
0%
Gansu Leaf 1
0%
Garnet 2
0%
Garnet-throated 1
0%
Gartered 1
0%
Geelvink 4
0%
Genovesa 2
0%
Geoffroy's 1
0%
Germain's 1
0%
Gilbert's 2
0%
Gilded 3
0%
Gillett's 1
0%
Gilolo 1
0%
Gilt-edged 1
0%
Glacier 1
0%
Glaucous-blue 1
0%
Glistening-green 1
0%
Glittering-bellied 1
0%
Glittering-throated 1
0%
Glossy 5
0%
Glossy-backed 1
0%
Glossy-black 1
0%
Glossy-mantled 1
0%
Glowing 1
0%
Glow-throated 1
0%
Godlewski's 1
0%
Goeldi's 1
0%
Gola 1
0%
Golden-backed 3
0%
Golden-backed Mountain 1
0%
Golden-bellied 5
0%
Golden-billed 1
0%
Golden-breasted 5
0%
Golden-browed 3
0%
Golden-capped 1
0%
Golden-chested 1
0%
Golden-chevroned 1
0%
Golden-collared 5
0%
Golden-crested 1
0%
Golden-crowned 11
0%
Golden-eared 1
0%
Golden-faced 1
0%
Golden-fronted 5
0%
Golden-green 1
0%
Golden-hooded 1
0%
Golden-mantled 1
0%
Golden-naped 4
0%
Golden-olive 1
0%
Golden Palm 1
0%
Golden-plumed 1
0%
Golden-rumped 2
0%
Golden-shouldered 1
0%
Golden-sided 1
0%
Golden-spangled 1
0%
Golden-spotted Ground 1
0%
Golden-tufted 1
0%
Golden-winged 8
0%
Gold-fronted 1
0%
Goldie's 2
0%
Gold-naped 1
0%
Gold-ringed 1
0%
Gold-whiskered 1
0%
Goliath 2
0%
Gorgeted 4
0%
Gosling's 2
0%
Gough 1
0%
Gough Island 1
0%
Gouldian 1
0%
Gould's 6
0%
Grace's 1
0%
Gran Canaria Blue 1
0%
Grand Cayman 2
0%
Grande Comore 4
0%
Grant's 1
0%
Grass-green 1
0%
Grauer's 3
0%
Grauer's Swamp 1
0%
Gray-and-buff 1
0%
Gray-and-gold 2
0%
Gray-and-white 1
0%
Gray-backed 10
0%
Gray-banded 1
0%
Gray-barred 1
0%
Gray-bellied 10
0%
Gray-browed 2
0%
Gray-capped 6
0%
Gray-capped Pygmy 1
0%
Gray-cheeked 7
0%
Gray-chested 3
0%
Gray-chested Jungle 1
0%
Gray-chinned 3
0%
Gray-collared 1
0%
Gray-cowled 1
0%
Gray-crested 3
0%
Gray-eyed 2
0%
Gray-faced 3
0%
Gray-flanked 1
0%
Gray-fronted 4
0%
Gray-green 3
0%
Gray-hooded 10
0%
Gray-hooded Bush 1
0%
Gray-hooded Sierra 1
0%
Grayish 5
0%
Gray-legged 1
0%
Gray-lined 1
0%
Gray-lored 1
0%
Gray-mantled 1
0%
Gray-naped 1
0%
Gray-olive 1
0%
Gray-rumped 4
0%
Gray's Grasshopper 1
0%
Gray-sided Bush 1
0%
Gray-streaked 2
0%
Gray-striped 1
0%
Gray-throated Warbling 1
0%
Great-billed 5
0%
Great Dusky 1
0%
Greater Antillean 3
0%
Greater Blue-eared 1
0%
Greater Double-collared 1
0%
Greater Green 1
0%
Greater Necklaced 1
0%
Greater Racket-tailed 1
0%
Greater Short-toed 1
0%
Greater Striped 1
0%
Greater Swamp 1
0%
Greater Vasa 1
0%
Great Indian 1
0%
Great Reed 1
0%
Great Rufous 2
0%
Great Slaty 1
0%
Great Swallow-tailed 1
0%
Great-tailed 1
0%
Great-winged 1
0%
Green-and-black 1
0%
Green-and-gold 1
0%
Green-and-rufous 1
0%
Green-and-white 1
0%
Green-barred 1
0%
Green-bearded 1
0%
Green-billed 2
0%
Green-breasted 4
0%
Green-cheeked 1
0%
Green-crowned 3
0%
Green-eared 1
0%
Green-faced 1
0%
Green-fronted 3
0%
Greenish 6
0%
Green-naped 1
0%
Green-rumped 1
0%
Green-striped 1
0%
Green-tailed 8
0%
Green-throated 6
0%
Grenada 3
0%
Grimwood's 1
0%
Grosbeak 1
0%
Groundscraper 1
0%
Growling 1
0%
Guadalcanal Hooded 1
0%
Guadalupe 4
0%
Guadeloupe 3
0%
Guanay 1
0%
Guayaquil 1
0%
Guira 2
0%
Gull-billed 1
0%
Gundlach's 1
0%
Gunnison 1
0%
Gurney's 3
0%
Guttulate 1
0%
Hadada 1
0%
Hainan 2
0%
Hainan Blue 1
0%
Hainan Leaf 1
0%
Hair-crested 1
0%
Hairy-backed 1
0%
Hairy-breasted 1
0%
Hairy-crested 1
0%
Half-collared 2
0%
Hall's 1
0%
Halmahera 6
0%
Hammond's 1
0%
Handsome 4
0%
Hangnest 1
0%
Harlequin 3
0%
Harris's 2
0%
Hartert's 1
0%
Hartert's Leaf 1
0%
Hartlaub's 6
0%
Harwood's 1
0%
Hauxwell's 1
0%
Hawkins's 1
0%
Hazel 1
0%
Hazel-fronted 1
0%
Heard Island 1
0%
Heart-spotted 1
0%
Heermann's 1
0%
Heinroth's 1
0%
Hellmayr's 1
0%
Helmet 1
0%
Helmeted 8
0%
Hemprich's 1
0%
Hen 1
0%
Henderson 1
0%
Henderson Island 2
0%
Henderson Island Reed 1
0%
Henna-hooded 1
0%
Henslow's 1
0%
Henst's 1
0%
Hepatic 1
0%
Herald 1
0%
Herero 1
0%
Hermit 3
0%
Heuglin's 4
0%
Highland Rush 1
0%
Hildebrandt's 2
0%
Hill Blue 1
0%
Himalayan Beautiful 1
0%
Himalayan Black-lored 1
0%
Himalayan White-browed 1
0%
Hinde's 1
0%
Hispaniolan 14
0%
Hoary 1
0%
Hoary-headed 1
0%
Hoary-throated 2
0%
Hodgen's 1
0%
Hodgson's 4
0%
Hoffmann's 1
0%
Hoffmanns's 1
0%
Holub's 1
0%
Honeyguide 1
0%
Hooded Mountain 1
0%
Hook-billed 5
0%
Horsfield's 2
0%
Horus 1
0%
Hose's 1
0%
Huambo 1
0%
Huayco 1
0%
Hudsonian 1
0%
Hudson's 2
0%
Huet's 1
0%
Humaita 1
0%
Humblot's 2
0%
Humboldt 1
0%
Humboldt's 1
0%
Hume's 6
0%
Hume's Bush 1
0%
Hunter's 2
0%
Huon 3
0%
Hutton's 2
0%
Ibadan 1
0%
Ibera 1
0%
Iberian Gray 1
0%
Iberian Green 1
0%
Ihering's 1
0%
Ijima's Leaf 1
0%
Imeri 1
0%
Imitator 1
0%
Immaculate 1
0%
Inaccessible Island 2
0%
Inagua 1
0%
Inambari 2
0%
Indian Blue 1
0%
Indian Golden 1
0%
Indian Gray 1
0%
Indian Pied 1
0%
Indian Spot-billed 1
0%
Indian Spotted 2
0%
Indian Yellow 1
0%
Indian Yellow-nosed 1
0%
Indigo-banded 1
0%
Indigo-capped 1
0%
Indigo-winged 1
0%
Indochinese Blue 1
0%
Inland 2
0%
Inti 1
0%
Invisible 1
0%
Iphis 1
0%
Iquitos 1
0%
Iraq 1
0%
Iringa 1
0%
Iriomote 1
0%
Isabela 1
0%
Isabelline 3
0%
Island Leaf 1
0%
Isthmian 1
0%
Itatiaia 1
0%
Itombwe 2
0%
Ituri 1
0%
Ivory-backed 1
0%
Ivory-billed 3
0%
Ivory-breasted 1
0%
Izu 2
0%
Jack 1
0%
Jackal 1
0%
Jackson's 3
0%
Jalca 1
0%
Jambandu 1
0%
Jambu 1
0%
Jameson's 4
0%
Jandaya 1
0%
Japanese Bush 1
0%
Japanese Leaf 1
0%
Japanese Night 1
0%
Japanese Pygmy 1
0%
Javan Black-capped 1
0%
Javan Blue 1
0%
Javan Blue-banded 1
0%
Javan Bush 1
0%
Javan Pied 1
0%
Jelski's 2
0%
Jerdon's 8
0%
Jet 2
0%
Jobi 1
0%
Jocotoco 1
0%
Johanna's 1
0%
Johannes's 1
0%
Johnson's 1
0%
Josephine's 1
0%
Jos Plateau 1
0%
Jouanin's 1
0%
Joyful 1
0%
Juan Fernandez 3
0%
Juba 1
0%
Juniper 1
0%
Kabobo 1
0%
Kadavu 2
0%
Kaempfer's 2
0%
Kafa 1
0%
Kai 2
0%
Kai Besar 1
0%
Kai Kecil 1
0%
Kalao Blue 1
0%
Kalij 1
0%
Kalinago 1
0%
Kalkadoon 1
0%
Kamchatka Leaf 1
0%
Kandt's 1
0%
Kangean 2
0%
Karamoja 1
0%
Karimui 1
0%
Karoo 7
0%
Karoo Long-billed 1
0%
Kashmir 3
0%
Katanga 1
0%
Kauai 5
0%
Kawall's 1
0%
Kelp 2
0%
Kemp's 1
0%
Kenrick's 1
0%
Kentucky 1
0%
Kenya Rufous 1
0%
Kerguelen 3
0%
Kermadec 1
0%
Key West 1
0%
Kidepo 1
0%
Kikuyu 1
0%
Kikuyu Mountain 1
0%
Kilifi 1
0%
Kilimanjaro 1
0%
Kilombero 2
0%
Kimberley 1
0%
Kinglet 2
0%
King-of-Saxony 1
0%
Kipengere 1
0%
Kiritimati 1
0%
Kiritimati Reed 1
0%
Kirk's 1
0%
Kirtland's 1
0%
Kittlitz's 2
0%
Klaas's 1
0%
Klages's 3
0%
Kloss's Leaf 1
0%
Knysna 3
0%
Koepcke's 2
0%
Kofiau 2
0%
Koklass 1
0%
Kolombangara 2
0%
Kolombangara Leaf 1
0%
Kona 1
0%
Kordofan 1
0%
Kordofan Rufous 1
0%
Kosrae 4
0%
Kretschmer's 1
0%
Krüper's 1
0%
Kuhl's 1
0%
Kungwe 1
0%
Kurdish 1
0%
Kurrichane 1
0%
Laced 1
0%
Lacrimose Mountain 1
0%
Ladder-backed 1
0%
Ladder-tailed 1
0%
Lady Amherst's 1
0%
Lafresnaye's 2
0%
Lagden's 1
0%
Laggar 1
0%
Lake Lufira 1
0%
Lanai 1
0%
Lanceolated 2
0%
Lance-tailed 1
0%
Lanner 1
0%
Lappet-faced 1
0%
Large-billed Leaf 1
0%
Large-billed Reed 1
0%
Large Blue 1
0%
Large-footed 2
0%
Large Gray 1
0%
Large-headed 1
0%
Large Lifou 1
0%
Large St. Helena 1
0%
Large-tailed 3
0%
Lark 2
0%
Lark-like 2
0%
Larwo 1
0%
La Sagra's 1
0%
La Selle 1
0%
Latham's 2
0%
Lattice-tailed 1
0%
Laura's 1
0%
Lava 1
0%
Lawes's 1
0%
Lawrence's 2
0%
Layard's 2
0%
Laysan 5
0%
Lazuli 2
0%
Lazuline 1
0%
Leach's 1
0%
Leaden 3
0%
LeConte's 2
0%
Legge's 1
0%
Lemon-bellied 3
0%
Lemon-breasted 1
0%
Lemon-browed 1
0%
Lemon-chested 1
0%
Lemon-rumped 1
0%
Lemon-spectacled 1
0%
Lemon-throated 1
0%
Lemon-throated Leaf 1
0%
Lesser Antillean 7
0%
Lesser Blue-eared 1
0%
Lesser Crested 1
0%
Lesser Gray 1
0%
Lesser Green 1
0%
Lesser Horned 1
0%
Lesser Necklaced 1
0%
Lesser Racket-tailed 1
0%
Lesser Striped 1
0%
Lesser Swallow-tailed 1
0%
Lesser Swamp 1
0%
Lesser Vasa 1
0%
Lesson's 2
0%
Lettered 1
0%
Levaillant's 3
0%
Levant 1
0%
Lewin's 2
0%
Lewis's 1
0%
Leymebamba 1
0%
Leyte 1
0%
Liben 1
0%
Lichtenstein's 1
0%
Light-crowned 1
0%
Light-mantled 1
0%
Light-vented 1
0%
Lilac-breasted 1
0%
Lilac-crowned 1
0%
Lilac-tailed 1
0%
Lilian's 1
0%
Limestone Leaf 1
0%
Lina's 1
0%
Lincoln's 1
0%
Lineated 3
0%
Line-cheeked 1
0%
Lined 4
0%
Line-fronted 1
0%
Lita 1
0%
Little Black 1
0%
Little Blue 1
0%
Little Gray 1
0%
Little Green 1
0%
Little Ringed 1
0%
Little Rush 1
0%
Little Slaty 1
0%
Littoral 1
0%
Livingstone's 2
0%
Lizard 1
0%
Loango 1
0%
Loggerhead 2
0%
Loja 1
0%
Lompobattang 1
0%
Lompobattang Leaf 1
0%
Long-bearded 1
0%
Long-billed Bush 1
0%
Long-crested 3
0%
Long-tailed Bush 1
0%
Long-tailed Glossy 1
0%
Long-tailed Ground 1
0%
Long-tailed Reed 1
0%
Long-trained 1
0%
Long-tufted 1
0%
Longuemare's 1
0%
Long-whiskered 1
0%
Long-winged 2
0%
Lord Howe 3
0%
Lorentz's 1
0%
Loria's 1
0%
Louisiade 5
0%
Louisiade Spectacled 1
0%
Loveridge's 1
0%
Lowland 3
0%
Lowland Sooty 1
0%
Luapula 1
0%
Lucifer 1
0%
Lucy's 1
0%
Ludwig's 1
0%
Lühder's 1
0%
Lunulated 1
0%
Luzon 11
0%
Lynes's 1
0%
Lyre-tailed 2
0%
Maasai 1
0%
Maccoa 1
0%
MacGillivray's 2
0%
MacGregor's 2
0%
Mackinnon's 1
0%
Macleay's 1
0%
Macquarie 1
0%
Madagascar Blue 1
0%
Madagascar Forest 1
0%
Madagascar Pygmy 1
0%
Madagascar Swamp 1
0%
Madarasz's 1
0%
Magdalena 2
0%
Magenta-throated 1
0%
Magpie 5
0%
Maguari 1
0%
Makatea 1
0%
Makira 8
0%
Makira Leaf 1
0%
Malabar 10
0%
Malabar Gray 1
0%
Malagasy Palm 1
0%
Malagasy Sacred 1
0%
Malaita 5
0%
Malawi 1
0%
Malayan Black 1
0%
Malayan Black-capped 1
0%
Malayan Crested 2
0%
Malayan Crestless 1
0%
Malayan Night 1
0%
Malaysian Blue 1
0%
Malaysian Blue-banded 1
0%
Malherbe's 1
0%
Mali 1
0%
Malindi 1
0%
Mallee 1
0%
Mamberamo 2
0%
Manchurian Bush 1
0%
Manchurian Reed 1
0%
Mandarin 1
0%
Maned 2
0%
Mangareva Reed 1
0%
Mangrove 13
0%
Mangrove Blue 1
0%
Manicore 1
0%
Manipur 2
0%
Mantanani 1
0%
Mantled 1
0%
Manu 1
0%
Manus 7
0%
Manus Brush 1
0%
Many-banded 1
0%
Many-colored 2
0%
Many-colored Chaco 1
0%
Many-colored Rush 1
0%
Many-spotted 1
0%
Many-striped 1
0%
Maquis 1
0%
Marabou 1
0%
Maracaibo 1
0%
Marail 1
0%
Marañon 6
0%
Maratua 1
0%
Marbled 7
0%
Marble-faced 1
0%
Marcapata 1
0%
Marianne 1
0%
Marigold 1
0%
Markham's 1
0%
Marmora's 1
0%
Maroon-backed 2
0%
Maroon-bellied 1
0%
Maroon-belted 1
0%
Maroon-breasted 1
0%
Maroon-chested Ground 1
0%
Maroon-chinned 1
0%
Maroon-faced 1
0%
Maroon-fronted 1
0%
Maroon-naped 1
0%
Maroon-tailed 1
0%
Marquesan 4
0%
Marquesan Ground 1
0%
Martens's 1
0%
Martial 1
0%
Marvelous 1
0%
Masafuera 1
0%
Masatierra 1
0%
Mascarene 6
0%
Masked Crimson 1
0%
Masked Mountain 1
0%
Matinan 1
0%
Mato Grosso 1
0%
Matsudaira's 1
0%
Maui 4
0%
Maui-nui 1
0%
Maupiti 1
0%
Mauritius Gray 2
0%
Mauritius Night 1
0%
Maxwell's Black 1
0%
Mayr's 2
0%
Mayr's Forest 1
0%
Mbulu 1
0%
McConnell's 2
0%
McGregor's 1
0%
McKay's 1
0%
Mealy 1
0%
Mediterranean Short-toed 1
0%
Meek's 2
0%
Mees's 1
0%
Mekong 1
0%
Melancholy 1
0%
Melanesian 3
0%
Meller's 1
0%
Melodious 3
0%
Menetries's 1
0%
Mentawai 2
0%
Meratus 1
0%
Meratus Blue 1
0%
Merida 5
0%
Metallic 2
0%
Metallic-green 1
0%
Metallic-winged 1
0%
Meves's 1
0%
Mewing 1
0%
Meyer's 3
0%
Micronesian 4
0%
Micronesian Rufous 1
0%
Middendorff's Grasshopper 1
0%
Middle American 2
0%
Midget 1
0%
Mid-mountain 1
0%
Mikado 1
0%
Military 1
0%
Milky 1
0%
Miller's 1
0%
Mimic 1
0%
Minahasa 1
0%
Minahasa Hooded 1
0%
Minas Gerais 1
0%
Mindanao 14
0%
Mindanao Jungle 1
0%
Mindoro 9
0%
Minute 1
0%
Miombo 5
0%
Mishana 1
0%
Mishmi 1
0%
Mississippi 1
0%
Mistletoe 1
0%
Mitred 1
0%
Modest 1
0%
Moheli 4
0%
Moltoni's 1
0%
Moluccan 17
0%
Moluccan Brush 1
0%
Moluccan Spectacled 1
0%
Mombasa 1
0%
Mongolian Short-toed 1
0%
Monk 1
0%
Monotonous 1
0%
Montagu's 1
0%
Montane 3
0%
Montane Blue 1
0%
Montane Double-collared 1
0%
Montane Forest 1
0%
Monte 1
0%
Monteiro's 3
0%
Montezuma 2
0%
Montserrat 1
0%
Moorea 1
0%
Moorea Reed 1
0%
Moorland 2
0%
Moreau's 1
0%
Morelet's 1
0%
Morotai 2
0%
Morrison's 1
0%
Moseley's Rockhopper 1
0%
Mosque 1
0%
Moss-backed 2
0%
Mossy-nest 1
0%
Mottle-backed 1
0%
Mottle-cheeked 1
0%
Mottled 11
0%
Mountain Gray 1
0%
Mountain Leaf 1
0%
Mount Cameroon 1
0%
Mount Kupe 1
0%
Mount Victoria 1
0%
Mournful 1
0%
Mourning Sierra 1
0%
Mouse-brown 1
0%
Mouse-colored 6
0%
Mouse-gray 1
0%
Moussier's 1
0%
Moustached 17
0%
Mrs. Gould's 1
0%
Mrs. Hume's 1
0%
Mrs. Moreau's 1
0%
Mugimaki 1
0%
Muisca 1
0%
Mulga 1
0%
Multicolored 1
0%
Munchique 1
0%
Murphy's 1
0%
Muscovy 1
0%
Musician 1
0%
Musk 2
0%
Mussau 4
0%
Mute 1
0%
Mysterious 1
0%
Nacunda 1
0%
Naga 1
0%
Nahan's 1
0%
Naked-faced 2
0%
Namaqua 3
0%
Namuli 1
0%
Nanday 1
0%
Nankeen 1
0%
Nankeen Night 1
0%
Napo 1
0%
Narcissus 1
0%
Narcondam 1
0%
Naretha 1
0%
Narina 1
0%
Nariño 1
0%
Narrow-billed 3
0%
Narrow-tailed 2
0%
Nashville 1
0%
Natal 1
0%
Natewa 1
0%
Natterer's 1
0%
Naung Mung 1
0%
Nauru Reed 1
0%
Nava's 1
0%
Nazca 1
0%
Neblina 2
0%
Nechisar 1
0%
Needle-billed 1
0%
Neergaard's 1
0%
Negros 4
0%
Negros Jungle 1
0%
Negros Leaf 1
0%
Nelicourvi 1
0%
Nelson's 1
0%
Nendo 1
0%
Neotropic 1
0%
Neumann's 2
0%
New Britain 9
0%
New Caledonian 17
0%
New Caledonian Streaked 1
0%
Newell's 1
0%
New Georgia 1
0%
New Guinea Flightless 1
0%
New Hanover 1
0%
New Holland 1
0%
New Ireland 4
0%
Newton's 3
0%
New Zealand King 1
0%
Niam-Niam 1
0%
Nicaraguan 2
0%
Niceforo's 1
0%
Nicholson's 1
0%
Nicobar 8
0%
Nicobar Hooded 1
0%
Nicobar Jungle 1
0%
Nightingale 1
0%
Nightingale Island 1
0%
Nightingale Reed 1
0%
Nihoa 1
0%
Nile Valley 1
0%
Nimba 1
0%
Nkulengu 1
0%
Nocturnal 1
0%
Noisy 4
0%
Nonggang 1
0%
Nordmann's 1
0%
Norfolk 1
0%
Norfolk Ground 1
0%
Norfolk Island 3
0%
Noronha 2
0%
Northern Bald 1
0%
Northern Black-throated 1
0%
Northern Brown-throated 1
0%
Northern Carmine 1
0%
Northern Chestnut-breasted 1
0%
Northern Double-collared 1
0%
Northern Gray-headed 1
0%
Northern Hawk 1
0%
Northern House 1
0%
Northern Marquesan Reed 1
0%
Northern Red-billed 1
0%
Northern Red-fronted 1
0%
Northern Rough-winged 1
0%
Northern Royal 1
0%
Northern Saw-whet 1
0%
Northern Slaty 1
0%
Northern Tropical 1
0%
Northern Variable 1
0%
Northern White-faced 1
0%
Northern White-fringed 1
0%
Northern Yellow 1
0%
North Island Brown 1
0%
North Melanesian 1
0%
North Moluccan 2
0%
North Solomons 1
0%
Nubian 3
0%
Nuku Hiva 2
0%
Nullarbor 1
0%
Numfor 1
0%
Numfor Leaf 1
0%
Nuttall's 1
0%
Nutting's 1
0%
Nyanza 1
0%
Oahu 7
0%
Oaxaca 1
0%
Obbia 1
0%
Oberländer's 1
0%
Obi 3
0%
Obscure 2
0%
Oceanic 1
0%
Ocellated 9
0%
Ochraceous 5
0%
Ochraceous-breasted 1
0%
Ochre-backed 1
0%
Ochre-bellied 3
0%
Ochre-breasted 6
0%
Ochre-browed 1
0%
Ochre-cheeked 1
0%
Ochre-collared 2
0%
Ochre-faced 1
0%
Ochre-flanked 1
0%
Ochre-fronted 1
0%
Ochre-headed 1
0%
Ochre-lored 1
0%
Ochre-marked 1
0%
Ochre-naped 1
0%
Ochre-rumped 2
0%
Ochre-striped 1
0%
Ochre-throated 1
0%
Ogea 1
0%
Oleaginous 1
0%
Olivaceous 9
0%
Olive-backed 10
0%
Olive-backed Forest 1
0%
Olive-bellied 1
0%
Olive-capped 3
0%
Olive-chested 1
0%
Olive-crowned 3
0%
Olive-faced 1
0%
Olive-flanked 1
0%
Olive-gray 1
0%
Olive-green 3
0%
Olive-headed 3
0%
Olive Long-tailed 1
0%
Olive-naped 1
0%
Olive-shouldered 1
0%
Olive-sided 1
0%
Olive-spotted 1
0%
Olive-streaked 1
0%
Olive-striped 1
0%
Olive-throated 1
0%
Olive-tree 1
0%
Olive-winged 1
0%
Olrog's 2
0%
Omani 1
0%
One-colored 1
0%
Opal-crowned 2
0%
Opal-rumped 1
0%
Opalton 1
0%
Orange-backed 2
0%
Orange-banded 2
0%
Orange-breasted 8
0%
Orange-breasted Forest 1
0%
Orange-browed 1
0%
Orange-cheeked 3
0%
Orange-chinned 1
0%
Orange-collared 1
0%
Orange-crested 1
0%
Orange-eared 1
0%
Orange-eyed 2
0%
Orange-footed 1
0%
Orange-fronted 5
0%
Orange-headed 2
0%
Orange-necked 1
0%
Orange River 2
0%
Orange-spotted 1
0%
Orange-tufted 2
0%
Oriental Reed 1
0%
Oriente 1
0%
Orinocan 1
0%
Orinoco 3
0%
Oriole 5
0%
Ornate 9
0%
Oustalet's 2
0%
Outcrop 1
0%
Ouvea 1
0%
Ovambo 1
0%
Owston's 1
0%
Oxapampa 1
0%
Pacific Black 1
0%
Pacific Emerald 1
0%
Paddyfield 2
0%
Pagan Reed 1
0%
Paint-billed 1
0%
Painted 15
0%
Palau Bush 1
0%
Palau Ground 1
0%
Palawan Blue 1
0%
Pale Blue 1
0%
Pale-blue 1
0%
Pale-chinned 1
0%
Pale-crested 1
0%
Pale-crowned 1
0%
Pale-edged 1
0%
Pale-eyed 4
0%
Pale-faced 2
0%
Pale-footed 1
0%
Pale-footed Bush 1
0%
Pale-fronted 1
0%
Pale-headed 5
0%
Pale-legged Leaf 1
0%
Pale-naped 1
0%
Pale-olive 1
0%
Pale-rumped 1
0%
Pale-shouldered 1
0%
Palestine 1
0%
Pale-tipped 1
0%
Pale-yellow 1
0%
Pallas's Grasshopper 1
0%
Pallas's Leaf 1
0%
Pallid 7
0%
Palm 4
0%
Palm-nut 1
0%
Pampas 2
0%
Panao 1
0%
Panay 1
0%
Pangani 1
0%
Pantanal 1
0%
Pantepui 1
0%
Paperbark 1
0%
Papuan Black 1
0%
Papyrus 3
0%
Parakeet 1
0%
Paramillo 1
0%
Paramo 3
0%
Parasitic 2
0%
Paria 2
0%
Parker's 2
0%
Parkinson's 1
0%
Parodi's 1
0%
Parrot 1
0%
Parrot-billed 2
0%
Partridge 1
0%
Passenger 1
0%
Patagonian Forest 1
0%
Patagonian Sierra 1
0%
Pavonine 2
0%
Peaceful 1
0%
Peach-fronted 1
0%
Pearl 1
0%
Pearl-breasted 1
0%
Pearled 1
0%
Pearl-spotted 1
0%
Pearly 2
0%
Pearly-bellied 1
0%
Pearly-breasted 2
0%
Pearly-eyed 1
0%
Pearly-vented 1
0%
Pechora 1
0%
Pectoral 3
0%
Pectoral-patch 1
0%
Peg-billed 1
0%
Pelagic 1
0%
Peleng 1
0%
Pel's 1
0%
Pelzeln's 1
0%
Pemba 4
0%
Penan 1
0%
Pennant-winged 1
0%
Pere David's 3
0%
Perija 6
0%
Pernambuco 2
0%
Peruvian Sierra 1
0%
Peruvian Slaty 1
0%
Pesquet's 1
0%
Petit's 1
0%
Pfrimer's 1
0%
Pharaoh 1
0%
Pheasant-tailed 1
0%
Philadelphia 1
0%
Philby's 1
0%
Philippine Bush 1
0%
Philippine Jungle 2
0%
Philippine Leaf 1
0%
Philippine Pygmy 1
0%
Phoenix 1
0%
Picazuro 1
0%
Pictorella 1
0%
Picui Ground 1
0%
Pied-billed 1
0%
Pied-crested 1
0%
Pied-winged 1
0%
Pilbara 1
0%
Pileated 4
0%
Pincoya 1
0%
Pink-backed 1
0%
Pink-bellied 1
0%
Pink-billed 2
0%
Pink-breasted 2
0%
Pink-browed 1
0%
Pink-eared 1
0%
Pink-headed 4
0%
Pink-legged 1
0%
Pink-necked 1
0%
Pink-rumped 1
0%
Pink-spotted 1
0%
Pink-throated 3
0%
Pinnated 1
0%
Pinon's 1
0%
Pinsker's 1
0%
Pin-striped 1
0%
Pintado 1
0%
Pinto's 1
0%
Pinyon 1
0%
Piratic 1
0%
Pirre 3
0%
Pitcairn Reed 1
0%
Pitta-like 1
0%
Pitt Island 1
0%
Piura 1
0%
Plain-backed 4
0%
Plain-bellied 1
0%
Plain-breasted 1
0%
Plain-breasted Ground 1
0%
Plain-brown 1
0%
Plain-capped 2
0%
Plain-colored 2
0%
Plain-crested 1
0%
Plain-crowned 1
0%
Plain-flanked 1
0%
Plain Leaf 1
0%
Plain-mantled 1
0%
Plain Mountain 1
0%
Plain-pouched 1
0%
Plain-tailed 1
0%
Plain-tailed Warbling 1
0%
Plain-throated 1
0%
Plaintive 1
0%
Planalto 5
0%
Plateau 1
0%
Plate-billed 1
0%
Pleske's Grasshopper 1
0%
Plumbeous 14
0%
Plumbeous-backed 1
0%
Plumbeous-crowned 1
0%
Plumbeous Sierra 1
0%
Plumed 3
0%
Plume-toed 1
0%
Plum-faced 1
0%
Plum-headed 2
0%
Plum-throated 1
0%
Plush-crested 1
0%
Pohnpei 7
0%
Point-tailed 1
0%
Pollen's 1
0%
Polynesian Ground 1
0%
Pomarine 1
0%
Pompadour 1
0%
Predicted 1
0%
Preuss's 2
0%
Prigogine's 2
0%
Prince Henry's 1
0%
Prince Ruspoli's 1
0%
Princess 1
0%
Principe 8
0%
Pringle's 1
0%
Pririt 1
0%
Prong-billed 1
0%
Protea 1
0%
Providence 1
0%
Przevalski's 3
0%
Puerto Rican 16
0%
Puff-throated 2
0%
Pulitzer's 1
0%
Puno 1
0%
Purple-banded 1
0%
Purple-bearded 1
0%
Purple-bellied 1
0%
Purple-bibbed 1
0%
Purple-capped 1
0%
Purple-chested 1
0%
Purple-collared 1
0%
Purple-crested 1
0%
Purple-gaped 1
0%
Purple-naped 2
0%
Purple-rumped 1
0%
Purple-winged 1
0%
Purple-winged Ground 1
0%
Purplish 2
0%
Purplish-backed 2
0%
Purplish-mantled 1
0%
Purus 1
0%
Puvel's 1
0%
Pycroft's 1
0%
Pygmy Palm 1
0%
Qilian 1
0%
Quailfinch 1
0%
Quebracho 1
0%
Rachel's 1
0%
Racket-tailed 2
0%
Racket-tipped 1
0%
Radde's 2
0%
Radjah 1
0%
Raffles's 1
0%
Raggiana 1
0%
Raiatea 3
0%
Raimondi's 1
0%
Rainbow-bearded 1
0%
Raja Ampat 1
0%
Rajah 1
0%
Rameron 1
0%
Rand's 1
0%
Ranongga 1
0%
Rapa 2
0%
Rarotonga 2
0%
Raso 1
0%
Ratchet-tailed 1
0%
Rattling 1
0%
Razor-billed 1
0%
Recurve-billed 1
0%
Red-and-black 2
0%
Red-and-blue 1
0%
Red-and-green 1
0%
Red-and-white 3
0%
Red-and-yellow 1
0%
Red-backed Sierra 1
0%
Red-banded 2
0%
Red-bearded 1
0%
Red-billed Dwarf 1
0%
Red-billed Pied 1
0%
Red-browed 4
0%
Red-chinned 1
0%
Red-cockaded 1
0%
Red-collared 5
0%
Red-cowled 2
0%
Reddish 4
0%
Reddish-winged 1
0%
Red-eared 4
0%
Red-fan 1
0%
Red-flanked 2
0%
Red-footed 2
0%
Red-gartered 1
0%
Red-hooded 1
0%
Red-keeled 1
0%
Red-kneed 1
0%
Red-knobbed 2
0%
Red-mantled 1
0%
Red-masked 1
0%
Red-moustached 1
0%
Red-naped 5
0%
Red-pate 1
0%
Red-rumped 6
0%
Red-spectacled 1
0%
Red-stained 1
0%
Red-thighed 1
0%
Red-tinged 1
0%
Red-tufted 1
0%
Red-wattled 1
0%
Red-whiskered 1
0%
Red-winged Gray 1
0%
Reeves's 1
0%
Regal 1
0%
Regent 4
0%
Reichard's 1
0%
Reichenbach's 1
0%
Reichenow's 1
0%
Reischek's 1
0%
Reiser's 1
0%
Relict 1
0%
Rennell 6
0%
Resplendent 1
0%
Restinga 1
0%
Restless 1
0%
Retz's 1
0%
Reunion 13
0%
Reunion Gray 1
0%
Reunion Night 1
0%
Rhinoceros 2
0%
Ribbon-tailed 2
0%
Richard's 1
0%
Ridgetop 1
0%
Ridgway's 2
0%
Rimatara Reed 1
0%
Ring 1
0%
Ring-billed 1
0%
Ringed 5
0%
Ringed Warbling 1
0%
Ring-necked 4
0%
Ring-tailed 1
0%
Rinjani 1
0%
Rio Branco 1
0%
Rio de Janeiro 2
0%
Rio Madeira 1
0%
Rio Negro 1
0%
Rio Orinoco 1
0%
Rio Suno 1
0%
Riparian 2
0%
Riverbank 1
0%
Riverside 2
0%
Rivoli's 1
0%
Roadside 1
0%
Roberts's 1
0%
Robin 1
0%
Robust 2
0%
Rockefeller's 1
0%
Rock-loving 1
0%
Rodrigues 9
0%
Rodrigues Night 1
0%
Roll's 1
0%
Romblon 1
0%
Rondonia 2
0%
Rose-bellied 1
0%
Rose-breasted 2
0%
Rose-collared 1
0%
Rose-crowned 1
0%
Rose-faced 1
0%
Rose-fronted 1
0%
Rose-headed 1
0%
Rose-ringed 1
0%
Rose-throated 2
0%
Rossel 1
0%
Rosy-billed 1
0%
Rosy-faced 1
0%
Rosy-patched 1
0%
Rosy-throated 1
0%
Rota 1
0%
Rote 2
0%
Rote Leaf 1
0%
Rothschild's 1
0%
Rotuma 1
0%
Rouget's 1
0%
Round-tailed 1
0%
Roviana 1
0%
Royal 6
0%
Rubeho 1
0%
Ruby-cheeked 1
0%
Ruby-throated 3
0%
Ruby-topaz 1
0%
Rück's Blue 1
0%
Rudd's 2
0%
Ruddy-breasted 2
0%
Ruddy-capped 1
0%
Ruddy Ground 1
0%
Ruddy-headed 1
0%
Ruddy-tailed 1
0%
Rufescent 7
0%
Ruffed 1
0%
Rufous-and-white 1
0%
Rufous-backed 12
0%
Rufous-bellied Mountain 1
0%
Rufous-booted 1
0%
Rufous-breasted Blue 1
0%
Rufous-breasted Warbling 1
0%
Rufous-browed 7
0%
Rufous-brown 1
0%
Rufous-chested 4
0%
Rufous-chinned 1
0%
Rufous-crested 2
0%
Rufous-eared 2
0%
Rufous-fronted 8
0%
Rufous-gaped 1
0%
Rufous-gorgeted 1
0%
Rufous Limestone 1
0%
Rufous-sided Warbling 1
0%
Rufous-thighed 1
0%
Rufous-vented Grass 1
0%
Running 1
0%
Rüppell's 8
0%
Russet-backed 1
0%
Russet-bellied 1
0%
Russet Bush 1
0%
Russet-capped 1
0%
Russet-mantled 2
0%
Russet-naped 2
0%
Russet-tailed 1
0%
Russet-throated 1
0%
Russet-winged 2
0%
Rust-and-yellow 1
0%
Rustic 1
0%
Rusty-backed 4
0%
Rusty-barred 1
0%
Rusty-bellied 2
0%
Rusty-belted 1
0%
Rusty-breasted 4
0%
Rusty-browed Warbling 1
0%
Rusty-capped 1
0%
Rusty-cheeked 2
0%
Rusty-collared 1
0%
Rusty-crowned 3
0%
Rusty-faced 1
0%
Rusty-flanked 2
0%
Rusty-flanked Jungle 1
0%
Rusty-fronted 3
0%
Rusty-headed 1
0%
Rusty-margined 2
0%
Rusty-naped 1
0%
Rusty-necked 1
0%
Rusty-tailed 1
0%
Rusty-throated 1
0%
Rusty-tinged 1
0%
Rusty-winged 3
0%
Ruvu 1
0%
Rwenzori 3
0%
Rwenzori Hill 1
0%
Ryukyu 5
0%
Sabine's 3
0%
Sabota 1
0%
Saddle-billed 1
0%
Saffron-billed 1
0%
Saffron-breasted 1
0%
Saffron-cowled 1
0%
Saffron-crested 1
0%
Saffron-crowned 1
0%
Saffron-headed 1
0%
Sagebrush 1
0%
Sahel Bush 1
0%
Sahul Brush 1
0%
Saipan Reed 1
0%
Sakalava 2
0%
Saker 1
0%
Sakhalin Grasshopper 1
0%
Sakhalin Leaf 1
0%
Salim Ali's 1
0%
Salinas 1
0%
Salmon-crested 1
0%
Saltmarsh 1
0%
Salvadori's 6
0%
Salvin's 3
0%
Samar 2
0%
San Andres 1
0%
San Blas 1
0%
San Cristobal 1
0%
Sand-colored 1
0%
Sandhill 2
0%
Sandstone 1
0%
Sandy 2
0%
Sanford's 2
0%
Sangihe 7
0%
Sangihe Lilac 1
0%
Sangkar 1
0%
Santa Cruz 3
0%
Santa Cruz Ground 1
0%
Santarem 1
0%
Santo 1
0%
Sao Francisco 1
0%
Sao Paulo 1
0%
Sapphire-bellied 1
0%
Sapphire-rumped 1
0%
Sapphire-spangled 1
0%
Sapphire-throated 1
0%
Sapphire-vented 1
0%
Sardinian 1
0%
Sargasso 1
0%
Sarus 1
0%
Sassi's 1
0%
Satin 4
0%
Saturnine 1
0%
Saunders's 2
0%
Savile's 1
0%
Savi's 1
0%
Saw-billed 1
0%
Saxaul 1
0%
Sayaca 1
0%
Say's 1
0%
Scale-crested 1
0%
Scale-feathered 1
0%
Scale-throated 2
0%
Scallop-breasted 1
0%
Scalloped 2
0%
Scaly-bellied 1
0%
Scaly-crowned 1
0%
Scaly-headed 1
0%
Scaly-naped 2
0%
Scaly-sided 1
0%
Scaly-throated 3
0%
Scarlet-and-white 1
0%
Scarlet-backed 2
0%
Scarlet-banded 1
0%
Scarlet-bellied Mountain 1
0%
Scarlet-breasted 4
0%
Scarlet-browed 1
0%
Scarlet-chested 2
0%
Scarlet-collared 1
0%
Scarlet-crowned 1
0%
Scarlet-faced 1
0%
Scarlet-fronted 1
0%
Scarlet-headed 2
0%
Scarlet-hooded 1
0%
Scarlet-horned 1
0%
Scarlet-naped 1
0%
Scarlet-rumped 3
0%
Scarlet-shouldered 1
0%
Scarlet-thighed 1
0%
Scarlet-throated 1
0%
Schalow's 1
0%
Scheepmaker's 1
0%
Schneider's 1
0%
Schrenck's 1
0%
Schwartz's 1
0%
Scimitar-billed 1
0%
Scimitar-winged 1
0%
Scintillant 1
0%
Sclater's 7
0%
Scopoli's 1
0%
Scott's 1
0%
Scribble-tailed 1
0%
Scripps's 1
0%
Sedge 2
0%
See-see 1
0%
Selayar 1
0%
Selva 1
0%
Semicollared 3
0%
Semipalmated 2
0%
Semiplumbeous 1
0%
Semper's 1
0%
Sennar 1
0%
Sepia-capped 1
0%
Sepik-Ramu 1
0%
Seram 11
0%
Seram Bush 1
0%
Serendib 1
0%
Serra 1
0%
Serra do Mar 2
0%
Seven-colored 1
0%
Shaft-tailed 1
0%
Sharp-beaked 1
0%
Sharp-billed 2
0%
Sharpe's 7
0%
Sharp-shinned 1
0%
Shear-tailed Gray 1
0%
Shelley's 7
0%
Shelley's Rufous 1
0%
Shining-blue 1
0%
Shining-green 1
0%
Short-bearded 1
0%
Short-clawed 1
0%
Short-crested 3
0%
Short-tailed Field 1
0%
Shovel-billed 1
0%
Shy Ground 1
0%
Siamese Pied 1
0%
Siau 1
0%
Siberian Blue 1
0%
Sibilant 1
0%
Sichuan 5
0%
Sichuan Bush 1
0%
Sichuan Leaf 1
0%
Sickle-billed 1
0%
Sickle-winged 3
0%
Sick's 1
0%
Sierra de Lema 1
0%
Sierra Leone 1
0%
Sierra Madre 3
0%
Sierran 1
0%
Sierra Nevada 2
0%
Siffling 1
0%
Sikkim 1
0%
Sikkim Wedge-billed 1
0%
Silky-tailed 1
0%
Sillem's 1
0%
Silver-backed 2
0%
Silver-beaked 1
0%
Silver-breasted 1
0%
Silver-capped 1
0%
Silver-crowned 1
0%
Silver-eared 3
0%
Silvered 1
0%
Silver-rumped 1
0%
Silver-throated 2
0%
Silver-tipped 1
0%
Silvery 3
0%
Silvery-cheeked 2
0%
Silvery-fronted 1
0%
Silvery-throated 2
0%
Simeulue 2
0%
Simple 1
0%
Sinai 1
0%
Sinaloa 3
0%
Sincora 1
0%
Sind 2
0%
Sira 3
0%
Sirkeer 1
0%
Sjöstedt's 2
0%
Sladen's 1
0%
Slate-colored 7
0%
Slate-crowned 1
0%
Slate-headed 1
0%
Slate-throated 2
0%
Slaty 15
0%
Slaty-backed 8
0%
Slaty-bellied 1
0%
Slaty-blue 1
0%
Slaty-breasted 3
0%
Slaty-capped 2
0%
Slaty-chinned 1
0%
Slaty-headed 1
0%
Slaty-legged 1
0%
Slaty-mantled 1
0%
Slaty-tailed 1
0%
Slaty-winged 1
0%
Slender-footed 1
0%
Slender-tailed 3
0%
Small Blue 1
0%
Small-headed 1
0%
Small Lifou 1
0%
Small St. Helena 1
0%
Smith's 1
0%
Smoke-colored 1
0%
Smoky 4
0%
Smoky-brown 1
0%
Smoky-fronted 1
0%
Smooth-billed 1
0%
Snail-eating 1
0%
Snares 2
0%
Snethlage's 2
0%
Snoring 1
0%
Snow-capped 1
0%
Snow Mountain 3
0%
Snowy-bellied 1
0%
Snowy-browed 2
0%
Snowy-cheeked 1
0%
Snowy-crowned 2
0%
Snowy-throated 2
0%
Sociable 2
0%
Society 1
0%
Society Islands Reed 1
0%
Socorro 4
0%
Socotra 11
0%
Soft-plumaged 1
0%
Sokoke 2
0%
Solitary 4
0%
Solitary Black 1
0%
Solomons 8
0%
Solomons Brush 1
0%
Solomons Rufous 1
0%
Somali Short-toed 1
0%
Sombre 6
0%
Sombre Rock 1
0%
Sooretama 1
0%
Sooty-capped 4
0%
Sooty-crowned 1
0%
Sooty-faced 1
0%
Sooty-fronted 1
0%
Sooty-headed 3
0%
Souimanga 1
0%
Southern Bald 1
0%
Southern Banded 1
0%
Southern Brown 1
0%
Southern Brown-throated 1
0%
Southern Carmine 1
0%
Southern Chestnut-breasted 1
0%
Southern Double-collared 1
0%
Southern Gray-headed 1
0%
Southern Hill 1
0%
Southern House 1
0%
Southern Marquesan Reed 1
0%
Southern Red-billed 1
0%
Southern Red-fronted 1
0%
Southern Rockhopper 1
0%
Southern Rough-winged 1
0%
Southern Royal 1
0%
Southern Tropical 1
0%
Southern Variable 1
0%
Southern White-faced 1
0%
Southern White-fringed 1
0%
Southern Yellow 1
0%
Southern Yellow-billed 1
0%
South Georgia 3
0%
South Melanesian 1
0%
South Moluccan 3
0%
South Pare 1
0%
South Polar 1
0%
Souza's 1
0%
Spangle-cheeked 1
0%
Sparkling-tailed 1
0%
Speckle-breasted 3
0%
Speckle-chested 1
0%
Speckle-faced 1
0%
Speckle-fronted 1
0%
Speckle-throated 1
0%
Spectacled 24
0%
Speke's 1
0%
Spice 1
0%
Spike-heeled 1
0%
Spillmann's 1
0%
Spinifex 1
0%
Spiny 1
0%
Spiny-cheeked 1
0%
Spiny-faced 1
0%
Spix's 5
0%
Spoon-billed 1
0%
Spot-backed 4
0%
Spot-bellied 2
0%
Spot-billed 3
0%
Spot-breasted 12
0%
Spot-crowned 4
0%
Spot-flanked 2
0%
Spot-fronted 1
0%
Spot-necked 2
0%
Spot-tailed 3
0%
Spotted Bush 1
0%
Spotted Green 1
0%
Spot-throated 4
0%
Spot-winged 11
0%
Sprague's 1
0%
Spruce 1
0%
Spur-winged 2
0%
Squacco 1
0%
Squamate 1
0%
Square-tailed 6
0%
Squatter 1
0%
Squirrel 1
0%
Sri Lanka Bush 1
0%
Sri Lanka Gray 1
0%
Sri Lankan 1
0%
Standardwing 1
0%
Standard-winged 1
0%
Star 1
0%
Stark's 1
0%
Starred 1
0%
Starry 1
0%
Star-spotted 1
0%
Star-throated 1
0%
Steel-blue 2
0%
Steely-vented 1
0%
Steinbach's 1
0%
Stejneger's 2
0%
Stella's 1
0%
Steller's 3
0%
Stephanie's 1
0%
Stephan's 1
0%
Stephen's 1
0%
Stephens Island 1
0%
Stewart Island 1
0%
Stierling's 2
0%
Stiles's 1
0%
Stilt 1
0%
St. Lucia Black 1
0%
Stock 1
0%
Stolid 1
0%
Storm's 1
0%
Stout 1
0%
Stout-billed 2
0%
Straight-billed 4
0%
Straneck's 1
0%
Strange 1
0%
Strange-tailed 1
0%
Straw-headed 1
0%
Straw-necked 1
0%
Straw-tailed 1
0%
Streak-backed 3
0%
Streak-breasted 6
0%
Streak-capped 3
0%
Streak-chested 1
0%
Streak-crowned 1
0%
Streak-eared 1
0%
Streaked 15
0%
Streaked Reed 1
0%
Streak-fronted 1
0%
Streak-headed 4
0%
Streak-necked 1
0%
Streak-throated 6
0%
Streaky 1
0%
Streaky-breasted 2
0%
Streaky-headed 1
0%
Streamer-tailed 1
0%
Stresemann's 2
0%
Strickland's 1
0%
Stripe-backed 3
0%
Stripe-breasted 7
0%
Stripe-cheeked 2
0%
Stripe-chested 1
0%
Stripe-crowned 1
0%
Stripe-faced 1
0%
Stripe-headed 2
0%
Stripe-necked 1
0%
Stripe-sided 1
0%
Stripe-tailed 2
0%
Stripe-throated 5
0%
Strong-billed 2
0%
Stubble 1
0%
Stub-tailed 2
0%
Stuhlmann's 2
0%
Styan's 1
0%
Stygian 1
0%
Subantarctic 2
0%
Subdesert 2
0%
Subtropical 2
0%
Such's 1
0%
Sucre 1
0%
Sudan Golden 1
0%
Suiriri 1
0%
Sula Jungle 1
0%
Sulawesi Blue 1
0%
Sulawesi Brown 1
0%
Sulawesi Brush 1
0%
Sulawesi Bush 1
0%
Sulawesi Ground 1
0%
Sulawesi Leaf 1
0%
Sulawesi Lilac 1
0%
Sulawesi Pygmy 1
0%
Sulphur-bearded 1
0%
Sulphur-bellied 6
0%
Sulphur-billed 1
0%
Sulphur-breasted 4
0%
Sulphur-crested 1
0%
Sulphur-rumped 2
0%
Sulphur-throated 1
0%
Sulphur-winged 1
0%
Sulphury 1
0%
Sultan 1
0%
Sultan's 1
0%
Sulu 4
0%
Sulu Jungle 1
0%
Sulu Pygmy 1
0%
Sumba 8
0%
Sumba Brown 1
0%
Sumba Jungle 1
0%
Sumichrast's 1
0%
Sunda Blue 1
0%
Sunda Brush 1
0%
Sundaic 1
0%
Sunda Pygmy 1
0%
Sunset 1
0%
Superciliaried 1
0%
Superciliated 1
0%
Surf 2
0%
Surucua 1
0%
Swahili 1
0%
Swainson's 6
0%
Swallow 1
0%
Swallow-tailed 7
0%
Swallow-winged 1
0%
Swamp Grass 1
0%
Swan 1
0%
Swierstra's 1
0%
Swift 1
0%
Swinhoe's 5
0%
Sword-billed 1
0%
Swynnerton's 1
0%
Sykes's 2
0%
Tablas 2
0%
Tabora 1
0%
Tacarcuna 4
0%
Tachira 1
0%
Taczanowski's 2
0%
Tagula 4
0%
Tahiti 5
0%
Tahiti Reed 1
0%
Taita 5
0%
Taiwan Bush 1
0%
Taiwan Vivid 1
0%
Taiwan Yellow 1
0%
Talamanca 1
0%
Talaud 3
0%
Taliabu 3
0%
Taliabu Bush 1
0%
Tamarugo 1
0%
Tamaulipas 2
0%
Tambourine 1
0%
Tanager 1
0%
Tanahjampea 1
0%
Tana River 1
0%
Tan-capped 1
0%
Tanganyika 1
0%
Tanimbar 10
0%
Tanimbar Bush 1
0%
Tanna 1
0%
Tanna Ground 1
0%
Tanzanian Red-billed 1
0%
Tapajos 4
0%
Tarim 1
0%
Tasman Sea 1
0%
Tatama 1
0%
Tataupa 1
0%
Taveta 1
0%
Taveuni 1
0%
Tawitawi 1
0%
Tawny-backed 1
0%
Tawny-bellied 4
0%
Tawny-breasted 5
0%
Tawny-browed 1
0%
Tawny-capped 1
0%
Tawny-chested 1
0%
Tawny-collared 1
0%
Tawny-crested 1
0%
Tawny-crowned 2
0%
Tawny-faced 2
0%
Tawny-flanked 1
0%
Tawny-headed 1
0%
Tawny-rumped 1
0%
Tawny-shouldered 1
0%
Tawny-throated 1
0%
Tawny-tufted 1
0%
Tawny-winged 1
0%
Tboli 1
0%
Teardrop 1
0%
Tenerife Blue 1
0%
Tenggara 3
0%
Tenggara Hill 1
0%
Tepui 12
0%
Terek 1
0%
Terrestrial 1
0%
Tessmann's 1
0%
Thekla's 1
0%
Thick-billed Ground 1
0%
Thicket 2
0%
Thorn-tailed 1
0%
Three-banded 4
0%
Three-streaked 1
0%
Three-striped 3
0%
Three-toed 3
0%
Three-wattled 1
0%
Thrush 2
0%
Thrush-like 2
0%
Thyolo 1
0%
Tickell's 1
0%
Tickell's Blue 1
0%
Tickell's Leaf 1
0%
Ticking 1
0%
Tiger 1
0%
Timberline 1
0%
Timneh 1
0%
Timor 13
0%
Timor Blue 1
0%
Timor Leaf 1
0%
Tinian 1
0%
Tinkling 1
0%
Tit 1
0%
Titicaca 1
0%
Tit-like 1
0%
Tocuyo 1
0%
Todd's 3
0%
Tody 1
0%
Togian 3
0%
Tolima 2
0%
Tooth-billed 4
0%
Topknot 1
0%
Toro 1
0%
Torrent 3
0%
Torresian 3
0%
Toucan 1
0%
Tourmaline 1
0%
Townsend's 4
0%
Tractrac 1
0%
Transvolcanic 1
0%
Tres Marias 1
0%
Tricolored 4
0%
Trilling 3
0%
Trindade 1
0%
Tristan 3
0%
Tristram's 4
0%
Tropeiro 1
0%
Tropical Royal 1
0%
Trumpet 1
0%
Trumpeter 3
0%
Tsavo 1
0%
Tschudi's 2
0%
Tsingy Forest 1
0%
Tuamotu 2
0%
Tuamotu Reed 1
0%
Tucuman 1
0%
Tucuman Mountain 1
0%
Tufted 9
0%
Tui 1
0%
Tukangbesi 1
0%
Tullberg's 1
0%
Tumbes 5
0%
Tumbesian 1
0%
Turati's 1
0%
Turkestan 1
0%
Turkestan Short-toed 1
0%
Turner's 1
0%
Turquoise-browed 1
0%
Turquoise-crowned 1
0%
Turquoise-fronted 1
0%
Turquoise-throated 2
0%
Turquoise-winged 1
0%
Tuxtla 1
0%
Twelve-wired 1
0%
Two-banded 3
0%
Two-barred 1
0%
Tylas 1
0%
Tyrannine 1
0%
Tyrian 1
0%
Tytler's Leaf 1
0%
Ua Pou 1
0%
Udzungwa 1
0%
Uluguru 1
0%
Uluguru Mountain 1
0%
Uluguru Violet-backed 1
0%
Unadorned 1
0%
Undulated 3
0%
Unicolored 5
0%
Uniform 6
0%
Unspotted Saw-whet 1
0%
Unstreaked 1
0%
Upcher's 1
0%
Upland 5
0%
Urich's 1
0%
Urrao 1
0%
Ursula's 1
0%
Urubamba 1
0%
Usambara 5
0%
Usambara Double-collared 1
0%
Ussher's 1
0%
Utcubamba 1
0%
Utupua 1
0%
Vampire 1
0%
Van Dam's 1
0%
Van Hasselt's 1
0%
Vanikoro 5
0%
Vanuatu Streaked 1
0%
Variable 10
0%
Variable Limestone 1
0%
Varied 8
0%
Variegated 6
0%
Varzea 3
0%
Vaux's 1
0%
Vegetarian 1
0%
Vella Lavella 1
0%
Velvet-browed 1
0%
Velvet-fronted 3
0%
Velvet-mantled 1
0%
Velvet-purple 1
0%
Velvety 2
0%
Ventriloquial 1
0%
Veracruz 1
0%
Veraguan 1
0%
Verditer 1
0%
Vermiculated 1
0%
Vermilion 3
0%
Vernal 1
0%
Verreaux's 4
0%
Versicolored 2
0%
Vervain 1
0%
Vesper 1
0%
Victoria's 1
0%
Victorin's 1
0%
Vieillot's 1
0%
Vieillot's Black 1
0%
Vietnamese Crested 1
0%
Vigors's 1
0%
Vilcabamba 3
0%
Village 2
0%
Vinaceous 2
0%
Vinaceous-breasted 1
0%
Vinous-breasted 2
0%
Vinous-throated 1
0%
Violaceous 4
0%
Violet-backed 2
0%
Violet-bellied 1
0%
Violet-capped 2
0%
Violet-chested 1
0%
Violet-crowned 1
0%
Violet-eared 1
0%
Violet-fronted 1
0%
Violet-green 1
0%
Violet-headed 1
0%
Violet-necked 1
0%
Virginia 1
0%
Virginia's 1
0%
Viridian 2
0%
Visayan 11
0%
Vitelline 2
0%
Vogelkop 6
0%
Von der Decken's 1
0%
Wahlberg's 1
0%
Wahnes's 1
0%
Waigeo 2
0%
Wailing 1
0%
Wakatobi 1
0%
Wake Island 1
0%
Wakolo 1
0%
Wallacean 4
0%
Wallace's 6
0%
Waller's 1
0%
Wangi-wangi 1
0%
Warbling 3
0%
Ward's 2
0%
Warsangli 1
0%
Waterfall 1
0%
Watkins's 1
0%
Waved 2
0%
Wayanad 1
0%
Wedge-billed 1
0%
Wedge-rumped 1
0%
Wedge-tailed 7
0%
Welcome 1
0%
West African Crested 1
0%
West African Pied 1
0%
Western Banded 1
0%
Western Barn 1
0%
Western Black-eared 1
0%
Western Black-headed 2
0%
Western Bonelli's 1
0%
Western Bronze-naped 1
0%
Western Crowned 1
0%
Western Dwarf 1
0%
Western Hooded 1
0%
Western Long-tailed 1
0%
Western Marsh 1
0%
Western Miombo 1
0%
Western Mountain 1
0%
Western Olivaceous 2
0%
Western Orphean 1
0%
Western Red-billed 1
0%
Western Rock 1
0%
Western Subalpine 1
0%
Western Violet-backed 1
0%
Western Yellow 2
0%
Western Yellow-billed 1
0%
West Himalayan Bush 1
0%
West Indian 2
0%
Westland 1
0%
West Mexican 2
0%
West Papuan 1
0%
West Peruvian 1
0%
West Solomons 1
0%
Wetar 3
0%
Wetar Ground 1
0%
Weyns's 1
0%
Whistler's 1
0%
White-backed Night 1
0%
White-banded 4
0%
White-barred 1
0%
White-bearded 6
0%
White-bellied Blue 1
0%
White-bellied Crested 1
0%
White-bibbed 3
0%
White-bibbed Ground 1
0%
White-booted 1
0%
White-bridled 1
0%
White-chested 6
0%
White-chinned 9
0%
White-collared 11
0%
White-crested 9
0%
White-eared 16
0%
White-eared Night 1
0%
White-edged 1
0%
White-eyed River 1
0%
White-flanked 2
0%
White-gaped 1
0%
White-gorgeted 2
0%
White-headed Marsh 1
0%
Whitehead's 4
0%
White-hooded 1
0%
White-lined 3
0%
White-lored 6
0%
White-mantled 1
0%
White-masked 1
0%
White-necklaced 1
0%
White-nest 1
0%
White-plumed 2
0%
White-quilled 2
0%
White-rimmed 1
0%
White-ringed 1
0%
White-ruffed 1
0%
White-shouldered 9
0%
White-spectacled 2
0%
White-starred 1
0%
White-streaked 3
0%
White-striped 2
0%
White-striped Forest 1
0%
White-tailed Blue 1
0%
White-tailed Crested 1
0%
White-thighed 2
0%
White-throated Blue 1
0%
White-throated Fiji 1
0%
White-throated Ground 1
0%
White-throated Sierra 1
0%
White-tipped 5
0%
White-wedged 1
0%
White-whiskered 4
0%
White-winged Swamp 1
0%
Whyte's 2
0%
Wied's 1
0%
Wilkins's 1
0%
Willard's Sooty 1
0%
Willcocks's 1
0%
Williamson's 1
0%
Williams's 1
0%
Willis's 1
0%
Winding 1
0%
Wine-throated 1
0%
Wing-banded 3
0%
Wing-barred 2
0%
Wing-snapping 1
0%
Wire-crested 1
0%
Wire-tailed 2
0%
Wompoo 1
0%
Wonga 1
0%
Woodchat 1
0%
Woodford's 1
0%
Woodhouse's 2
0%
Woodpecker 1
0%
Woodwards' 1
0%
Worthen's 1
0%
Wreathed 1
0%
Wren-like 1
0%
Wrinkled 1
0%
Writhe-billed 1
0%
Writhed 1
0%
Xantus's 1
0%
Xavier's 1
0%
Xingu 1
0%
Xingu Scale-backed 1
0%
Xinjiang 1
0%
Yap 3
0%
Yapacana 1
0%
Yellow-backed 2
0%
Yellow-bearded 1
0%
Yellow-bibbed 2
0%
Yellow-breasted 20
0%
Yellow-breasted Forest 1
0%
Yellow-bridled 1
0%
Yellow-capped 2
0%
Yellow-casqued 1
0%
Yellow-cheeked 2
0%
Yellow-chevroned 1
0%
Yellow-chinned 2
0%
Yellow-collared 3
0%
Yellow-crested 3
0%
Yellow-crowned Night 1
0%
Yellow-eared 7
0%
Yellow-faced 7
0%
Yellow-footed 4
0%
Yellow-fronted 6
0%
Yellow-gaped 1
0%
Yellow-gorgeted 1
0%
Yellow-green 5
0%
Yellow-headed 6
0%
Yellow-hooded 1
0%
Yellowish 5
0%
Yellowish-bellied Bush 1
0%
Yellow-knobbed 1
0%
Yellow-lored 3
0%
Yellow-mantled 2
0%
Yellow-margined 1
0%
Yellow-naped 1
0%
Yellow-necked 2
0%
Yellow-olive 1
0%
Yellow-plumed 1
0%
Yellow-rumped 12
0%
Yellow-scarfed 1
0%
Yellow-shouldered 4
0%
Yellow-sided 1
0%
Yellow-spectacled 1
0%
Yellow-spotted Bush 1
0%
Yellow-streaked 4
0%
Yellow-striped 1
0%
Yellow-thighed 1
0%
Yellow-throated Bush 1
0%
Yellow-throated Fiji 1
0%
Yellow-throated Mountain 1
0%
Yellow-tufted 3
0%
Yellow-wattled 2
0%
Yellow-whiskered 1
0%
Yellow-winged 5
0%
Yemen 4
0%
Zanzibar Red 1
0%
Zarudny's 1
0%
No matching quizzes found
Score Distribution
Percent of People with Each Score
Percentile by Number Answered
Your Score History
You have not taken this quiz